<?xml version="1.0" encoding="UTF-8"?>
<record
    xmlns:xsi="http://www.w3.org/2001/XMLSchema-instance"
    xsi:schemaLocation="http://www.loc.gov/MARC21/slim http://www.loc.gov/standards/marcxml/schema/MARC21slim.xsd"
    xmlns="http://www.loc.gov/MARC21/slim">

  <leader>01496nas a2200277 454500</leader>
  <controlfield tag="001">1174</controlfield>
  <controlfield tag="005">20260407193503.0</controlfield>
  <controlfield tag="008">260407s1961####ag###########|||spa#d</controlfield>
  <controlfield tag="003">AR-UNSa-BCEJYS</controlfield>
  <datafield tag="040" ind1=" " ind2=" ">
    <subfield code="a">AR-UNSa-BCEJYS</subfield>
    <subfield code="b">spa</subfield>
    <subfield code="c">AR-UNSa-BCEJYS</subfield>
  </datafield>
  <datafield tag="080" ind1=" " ind2=" ">
    <subfield code="a">330.34</subfield>
    <subfield code="x">Desarrollo Econ&#xF3;mico</subfield>
  </datafield>
  <datafield tag="245" ind1="1" ind2="0">
    <subfield code="a">Desarrollo econ&#xF3;mico</subfield>
    <subfield code="p">revista de ciencias sociales</subfield>
  </datafield>
  <datafield tag="022" ind1=" " ind2=" ">
    <subfield code="a">0046-001X</subfield>
  </datafield>
  <datafield tag="264" ind1=" " ind2="1">
    <subfield code="a">Buenos Aires :</subfield>
    <subfield code="b">IDES</subfield>
    <subfield code="c">1961</subfield>
  </datafield>
  <datafield tag="310" ind1=" " ind2=" ">
    <subfield code="a">Frecuencia Trimestral
Colecci&#xF3;n incompleta
</subfield>
  </datafield>
  <datafield tag="505" ind1=" " ind2=" ">
    <subfield code="a">Cambia de Director a partir del Vol. 2, N&#xBA; 1 por Miguel Teubal
Cambia de Director a partir del Vol. 4, N&#xBA; 16 por Ezequiel Luis Gallo (h)
Cambia de Director a partir del Vol. 20 por Nicol&#xE1;s Sanchez-Albornoz
Cambia de Director a partir del N&#xBA; 26 por Javier Villanueva
Cambia de Director a partir del N&#xBA; 41 por Torcuato S. Di Tella
Cambia de Director a partir del N&#xBA; 61 por Adolfo Canitrot
Cambia de Director a partir del N&#xBA; 84 por H&#xE9;ctor L. Dieguez
Cambia de Director a partir del N&#xBA; 102 por Alfredo Monza
Cambia de Director a partir del N&#xBA; 131 por Juan Carlos Torre</subfield>
  </datafield>
  <datafield tag="041" ind1=" " ind2=" ">
    <subfield code="a">spa</subfield>
  </datafield>
  <datafield tag="942" ind1=" " ind2=" ">
    <subfield code="c">SER</subfield>
  </datafield>
  <datafield tag="590" ind1=" " ind2=" ">
    <subfield code="a">niveau_biblio:s niveau_hierar:1</subfield>
  </datafield>
  <datafield tag="100" ind1="1" ind2=" ">
    <subfield code="a">Gortari, Pedro Abel</subfield>
  </datafield>
  <datafield tag="700" ind1="1" ind2=" ">
    <subfield code="a">IDES (Instituto de Desarrollo Econ&#xF3;mico y Social)</subfield>
  </datafield>
  <datafield tag="650" ind1=" " ind2=" ">
    <subfield code="a">Desarrollo econ&#xF3;mico y social</subfield>
  </datafield>
  <datafield tag="650" ind1=" " ind2=" ">
    <subfield code="a">Ciencias sociales</subfield>
  </datafield>
  <datafield tag="650" ind1=" " ind2=" ">
    <subfield code="a">6.25 Econom&#xED;a</subfield>
  </datafield>
  <datafield tag="856" ind1="4" ind2="1">
    <subfield code="u">https://biblioeco.unsa.edu.ar/pmb/images/revistas/Desarrolo Econ?mico.jpg</subfield>
    <subfield code="y">Imagen de portada</subfield>
    <subfield code="q">image/jpeg</subfield>
  </datafield>
  <datafield tag="999" ind1=" " ind2=" ">
    <subfield code="c">8378</subfield>
    <subfield code="d">8378</subfield>
  </datafield>
  <datafield tag="952" ind1=" " ind2=" ">
    <subfield code="0">0</subfield>
    <subfield code="1">0</subfield>
    <subfield code="4">0</subfield>
    <subfield code="7">0</subfield>
    <subfield code="a">BCEJYS</subfield>
    <subfield code="b">BCEJYS</subfield>
    <subfield code="c">17</subfield>
    <subfield code="d">2008-07-01</subfield>
    <subfield code="h">Vol. 48, N&#xBA; 190/191 - jul./dic. 2008</subfield>
    <subfield code="l">0</subfield>
    <subfield code="o">H330.34 DES 190/191</subfield>
    <subfield code="p">R02318</subfield>
    <subfield code="r">2026-04-10 16:06:18</subfield>
    <subfield code="w">2026-04-10</subfield>
    <subfield code="y">RN</subfield>
  </datafield>
  <datafield tag="952" ind1=" " ind2=" ">
    <subfield code="0">0</subfield>
    <subfield code="1">0</subfield>
    <subfield code="4">0</subfield>
    <subfield code="7">0</subfield>
    <subfield code="a">BCEJYS</subfield>
    <subfield code="b">BCEJYS</subfield>
    <subfield code="c">17</subfield>
    <subfield code="d">2008-04-01</subfield>
    <subfield code="h">Vol. 48, N&#xBA; 189 - abr./jun. 2008</subfield>
    <subfield code="l">0</subfield>
    <subfield code="o">H330.34 DES 189</subfield>
    <subfield code="p">R02317</subfield>
    <subfield code="r">2026-04-10 16:06:18</subfield>
    <subfield code="w">2026-04-10</subfield>
    <subfield code="y">RN</subfield>
  </datafield>
  <datafield tag="952" ind1=" " ind2=" ">
    <subfield code="0">0</subfield>
    <subfield code="1">0</subfield>
    <subfield code="4">0</subfield>
    <subfield code="7">0</subfield>
    <subfield code="a">BCEJYS</subfield>
    <subfield code="b">BCEJYS</subfield>
    <subfield code="c">17</subfield>
    <subfield code="d">2008-01-01</subfield>
    <subfield code="h">Vol. 47, N&#xBA; 188 - ene./mar. 2008</subfield>
    <subfield code="l">0</subfield>
    <subfield code="o">H330.34 DES 188</subfield>
    <subfield code="p">R02316</subfield>
    <subfield code="r">2026-04-10 16:06:18</subfield>
    <subfield code="w">2026-04-10</subfield>
    <subfield code="y">RN</subfield>
  </datafield>
  <datafield tag="952" ind1=" " ind2=" ">
    <subfield code="0">0</subfield>
    <subfield code="1">0</subfield>
    <subfield code="4">0</subfield>
    <subfield code="7">0</subfield>
    <subfield code="a">BCEJYS</subfield>
    <subfield code="b">BCEJYS</subfield>
    <subfield code="c">17</subfield>
    <subfield code="d">2007-10-01</subfield>
    <subfield code="h">Vol. 47, N&#xBA; 187 - oct./dic. 2007</subfield>
    <subfield code="l">0</subfield>
    <subfield code="o">H330.34 DES 187</subfield>
    <subfield code="p">R02315</subfield>
    <subfield code="r">2026-04-10 16:06:18</subfield>
    <subfield code="w">2026-04-10</subfield>
    <subfield code="y">RN</subfield>
  </datafield>
  <datafield tag="952" ind1=" " ind2=" ">
    <subfield code="0">0</subfield>
    <subfield code="1">0</subfield>
    <subfield code="4">0</subfield>
    <subfield code="7">0</subfield>
    <subfield code="a">BCEJYS</subfield>
    <subfield code="b">BCEJYS</subfield>
    <subfield code="c">17</subfield>
    <subfield code="d">2007-10-01</subfield>
    <subfield code="h">Vol. 47, N&#xBA; 187 - oct./dic. 2007</subfield>
    <subfield code="l">0</subfield>
    <subfield code="o">H330.34 DES 187 Ej.2</subfield>
    <subfield code="p">R03024</subfield>
    <subfield code="r">2026-04-10 16:06:18</subfield>
    <subfield code="w">2026-04-10</subfield>
    <subfield code="y">RN</subfield>
  </datafield>
  <datafield tag="952" ind1=" " ind2=" ">
    <subfield code="0">0</subfield>
    <subfield code="1">0</subfield>
    <subfield code="4">0</subfield>
    <subfield code="7">0</subfield>
    <subfield code="a">BCEJYS</subfield>
    <subfield code="b">BCEJYS</subfield>
    <subfield code="c">17</subfield>
    <subfield code="d">2007-07-01</subfield>
    <subfield code="h">Vol. 47, N&#xBA; 186 - jul./sep. 2007</subfield>
    <subfield code="l">0</subfield>
    <subfield code="o">H330.34 DES 186</subfield>
    <subfield code="p">R02314</subfield>
    <subfield code="r">2026-04-10 16:06:18</subfield>
    <subfield code="w">2026-04-10</subfield>
    <subfield code="y">RN</subfield>
  </datafield>
  <datafield tag="952" ind1=" " ind2=" ">
    <subfield code="0">0</subfield>
    <subfield code="1">0</subfield>
    <subfield code="4">0</subfield>
    <subfield code="7">0</subfield>
    <subfield code="a">BCEJYS</subfield>
    <subfield code="b">BCEJYS</subfield>
    <subfield code="c">17</subfield>
    <subfield code="d">2007-04-01</subfield>
    <subfield code="h">Vol. 47, N&#xBA; 185 - abr./jun. 2007</subfield>
    <subfield code="l">0</subfield>
    <subfield code="o">H330.34 DES 185</subfield>
    <subfield code="p">R02313</subfield>
    <subfield code="r">2026-04-10 16:06:18</subfield>
    <subfield code="w">2026-04-10</subfield>
    <subfield code="y">RN</subfield>
  </datafield>
  <datafield tag="952" ind1=" " ind2=" ">
    <subfield code="0">0</subfield>
    <subfield code="1">0</subfield>
    <subfield code="4">0</subfield>
    <subfield code="7">0</subfield>
    <subfield code="a">BCEJYS</subfield>
    <subfield code="b">BCEJYS</subfield>
    <subfield code="c">17</subfield>
    <subfield code="d">2007-01-01</subfield>
    <subfield code="h">Vol. 46, N&#xBA; 184 - ene./mar. 2007</subfield>
    <subfield code="l">0</subfield>
    <subfield code="o">H330.34 DES 184</subfield>
    <subfield code="p">R02312</subfield>
    <subfield code="r">2026-04-10 16:06:18</subfield>
    <subfield code="w">2026-04-10</subfield>
    <subfield code="y">RN</subfield>
  </datafield>
  <datafield tag="952" ind1=" " ind2=" ">
    <subfield code="0">0</subfield>
    <subfield code="1">0</subfield>
    <subfield code="4">0</subfield>
    <subfield code="7">0</subfield>
    <subfield code="a">BCEJYS</subfield>
    <subfield code="b">BCEJYS</subfield>
    <subfield code="c">17</subfield>
    <subfield code="d">2006-10-01</subfield>
    <subfield code="h">Vol. 46, N&#xBA; 183 - oct./dic. 2006</subfield>
    <subfield code="l">0</subfield>
    <subfield code="o">H330.34 DES 183</subfield>
    <subfield code="p">R01990</subfield>
    <subfield code="r">2026-04-10 16:06:18</subfield>
    <subfield code="w">2026-04-10</subfield>
    <subfield code="y">RN</subfield>
  </datafield>
  <datafield tag="952" ind1=" " ind2=" ">
    <subfield code="0">0</subfield>
    <subfield code="1">0</subfield>
    <subfield code="4">0</subfield>
    <subfield code="7">0</subfield>
    <subfield code="a">BCEJYS</subfield>
    <subfield code="b">BCEJYS</subfield>
    <subfield code="c">17</subfield>
    <subfield code="d">2006-07-01</subfield>
    <subfield code="h">Vol. 46, N&#xBA; 182 - jul./sep. 2006</subfield>
    <subfield code="l">0</subfield>
    <subfield code="o">H330.34 DES 182</subfield>
    <subfield code="p">R01989</subfield>
    <subfield code="r">2026-04-10 16:06:18</subfield>
    <subfield code="w">2026-04-10</subfield>
    <subfield code="y">RN</subfield>
  </datafield>
  <datafield tag="952" ind1=" " ind2=" ">
    <subfield code="0">0</subfield>
    <subfield code="1">0</subfield>
    <subfield code="4">0</subfield>
    <subfield code="7">0</subfield>
    <subfield code="a">BCEJYS</subfield>
    <subfield code="b">BCEJYS</subfield>
    <subfield code="c">17</subfield>
    <subfield code="d">2006-04-01</subfield>
    <subfield code="h">Vol. 46, N&#xBA; 181 - abr./jun. 2006</subfield>
    <subfield code="l">0</subfield>
    <subfield code="o">H330.34 DES 181</subfield>
    <subfield code="p">R01902</subfield>
    <subfield code="r">2026-04-10 16:06:18</subfield>
    <subfield code="w">2026-04-10</subfield>
    <subfield code="y">RN</subfield>
  </datafield>
  <datafield tag="952" ind1=" " ind2=" ">
    <subfield code="0">0</subfield>
    <subfield code="1">0</subfield>
    <subfield code="4">0</subfield>
    <subfield code="7">0</subfield>
    <subfield code="a">BCEJYS</subfield>
    <subfield code="b">BCEJYS</subfield>
    <subfield code="c">17</subfield>
    <subfield code="d">2006-04-01</subfield>
    <subfield code="h">Vol. 46, N&#xBA; 181 - abr./jun. 2006</subfield>
    <subfield code="l">0</subfield>
    <subfield code="o">H330.34 DES 181</subfield>
    <subfield code="p">R03020</subfield>
    <subfield code="r">2026-04-10 16:06:18</subfield>
    <subfield code="w">2026-04-10</subfield>
    <subfield code="y">RN</subfield>
  </datafield>
  <datafield tag="952" ind1=" " ind2=" ">
    <subfield code="0">0</subfield>
    <subfield code="1">0</subfield>
    <subfield code="4">0</subfield>
    <subfield code="7">0</subfield>
    <subfield code="a">BCEJYS</subfield>
    <subfield code="b">BCEJYS</subfield>
    <subfield code="c">17</subfield>
    <subfield code="d">2006-01-01</subfield>
    <subfield code="h">Vol. 45, N&#xBA; 180 - ene./mar. 2006</subfield>
    <subfield code="l">0</subfield>
    <subfield code="o">H330.34 DES 180</subfield>
    <subfield code="p">R01901</subfield>
    <subfield code="r">2026-04-10 16:06:18</subfield>
    <subfield code="w">2026-04-10</subfield>
    <subfield code="y">RN</subfield>
  </datafield>
  <datafield tag="952" ind1=" " ind2=" ">
    <subfield code="0">0</subfield>
    <subfield code="1">0</subfield>
    <subfield code="4">0</subfield>
    <subfield code="7">0</subfield>
    <subfield code="a">BCEJYS</subfield>
    <subfield code="b">BCEJYS</subfield>
    <subfield code="c">17</subfield>
    <subfield code="d">2005-10-01</subfield>
    <subfield code="h">Vol. 45, N&#xBA; 179 - oct./dic. 2005</subfield>
    <subfield code="l">0</subfield>
    <subfield code="o">H330.34 DES 179</subfield>
    <subfield code="p">R01823</subfield>
    <subfield code="r">2026-04-10 16:06:18</subfield>
    <subfield code="w">2026-04-10</subfield>
    <subfield code="y">RN</subfield>
  </datafield>
  <datafield tag="952" ind1=" " ind2=" ">
    <subfield code="0">0</subfield>
    <subfield code="1">0</subfield>
    <subfield code="4">0</subfield>
    <subfield code="7">0</subfield>
    <subfield code="a">BCEJYS</subfield>
    <subfield code="b">BCEJYS</subfield>
    <subfield code="c">17</subfield>
    <subfield code="d">2005-10-01</subfield>
    <subfield code="h">Vol. 45, N&#xBA; 179 - oct./dic. 2005</subfield>
    <subfield code="l">0</subfield>
    <subfield code="o">H330.34 DES 179 Ej.2</subfield>
    <subfield code="p">R03023</subfield>
    <subfield code="r">2026-04-10 16:06:18</subfield>
    <subfield code="w">2026-04-10</subfield>
    <subfield code="y">RN</subfield>
  </datafield>
  <datafield tag="952" ind1=" " ind2=" ">
    <subfield code="0">0</subfield>
    <subfield code="1">0</subfield>
    <subfield code="4">0</subfield>
    <subfield code="7">0</subfield>
    <subfield code="a">BCEJYS</subfield>
    <subfield code="b">BCEJYS</subfield>
    <subfield code="c">17</subfield>
    <subfield code="d">2005-07-01</subfield>
    <subfield code="h">Vol. 45, N&#xBA; 178 - jul./sep. 2005</subfield>
    <subfield code="l">0</subfield>
    <subfield code="o">H330.34 DES 178</subfield>
    <subfield code="p">R01826</subfield>
    <subfield code="r">2026-04-10 16:06:18</subfield>
    <subfield code="w">2026-04-10</subfield>
    <subfield code="y">RN</subfield>
  </datafield>
  <datafield tag="952" ind1=" " ind2=" ">
    <subfield code="0">0</subfield>
    <subfield code="1">0</subfield>
    <subfield code="4">0</subfield>
    <subfield code="7">0</subfield>
    <subfield code="a">BCEJYS</subfield>
    <subfield code="b">BCEJYS</subfield>
    <subfield code="c">17</subfield>
    <subfield code="d">2005-07-01</subfield>
    <subfield code="h">Vol. 45, N&#xBA; 178 - jul./sep. 2005</subfield>
    <subfield code="l">0</subfield>
    <subfield code="o">H330.34 DES 178 Ej.2</subfield>
    <subfield code="p">R03021</subfield>
    <subfield code="r">2026-04-10 16:06:18</subfield>
    <subfield code="w">2026-04-10</subfield>
    <subfield code="y">RN</subfield>
  </datafield>
  <datafield tag="952" ind1=" " ind2=" ">
    <subfield code="0">0</subfield>
    <subfield code="1">0</subfield>
    <subfield code="4">0</subfield>
    <subfield code="7">0</subfield>
    <subfield code="a">BCEJYS</subfield>
    <subfield code="b">BCEJYS</subfield>
    <subfield code="c">17</subfield>
    <subfield code="d">2005-04-01</subfield>
    <subfield code="h">Vol. 45, N&#xBA; 177 - abr./jun. 2005</subfield>
    <subfield code="l">0</subfield>
    <subfield code="o">H330.34 DES 177</subfield>
    <subfield code="p">R01825</subfield>
    <subfield code="r">2026-04-10 16:06:18</subfield>
    <subfield code="w">2026-04-10</subfield>
    <subfield code="y">RN</subfield>
  </datafield>
  <datafield tag="952" ind1=" " ind2=" ">
    <subfield code="0">0</subfield>
    <subfield code="1">0</subfield>
    <subfield code="4">0</subfield>
    <subfield code="7">0</subfield>
    <subfield code="a">BCEJYS</subfield>
    <subfield code="b">BCEJYS</subfield>
    <subfield code="c">17</subfield>
    <subfield code="d">2005-04-01</subfield>
    <subfield code="h">Vol. 45, N&#xBA; 177 - abr./jun. 2005</subfield>
    <subfield code="l">0</subfield>
    <subfield code="o">H330.34 DES 177 Ej.2</subfield>
    <subfield code="p">R03022</subfield>
    <subfield code="r">2026-04-10 16:06:18</subfield>
    <subfield code="w">2026-04-10</subfield>
    <subfield code="y">RN</subfield>
  </datafield>
  <datafield tag="952" ind1=" " ind2=" ">
    <subfield code="0">0</subfield>
    <subfield code="1">0</subfield>
    <subfield code="4">0</subfield>
    <subfield code="7">0</subfield>
    <subfield code="a">BCEJYS</subfield>
    <subfield code="b">BCEJYS</subfield>
    <subfield code="c">17</subfield>
    <subfield code="d">2005-01-01</subfield>
    <subfield code="h">Vol. 44, N&#xBA; 176 - ene./mar. 2005</subfield>
    <subfield code="l">0</subfield>
    <subfield code="o">H330.34 DES 176</subfield>
    <subfield code="p">R01824</subfield>
    <subfield code="r">2026-04-10 16:06:18</subfield>
    <subfield code="w">2026-04-10</subfield>
    <subfield code="y">RN</subfield>
  </datafield>
  <datafield tag="952" ind1=" " ind2=" ">
    <subfield code="0">0</subfield>
    <subfield code="1">0</subfield>
    <subfield code="4">0</subfield>
    <subfield code="7">0</subfield>
    <subfield code="a">BCEJYS</subfield>
    <subfield code="b">BCEJYS</subfield>
    <subfield code="c">17</subfield>
    <subfield code="d">2005-01-01</subfield>
    <subfield code="h">Vol. 44, N&#xBA; 176 - ene./mar. 2005</subfield>
    <subfield code="l">0</subfield>
    <subfield code="o">H330.34 DES 176 Ej.2</subfield>
    <subfield code="p">R03019</subfield>
    <subfield code="r">2026-04-10 16:06:18</subfield>
    <subfield code="w">2026-04-10</subfield>
    <subfield code="y">RN</subfield>
  </datafield>
  <datafield tag="952" ind1=" " ind2=" ">
    <subfield code="0">0</subfield>
    <subfield code="1">0</subfield>
    <subfield code="4">0</subfield>
    <subfield code="7">0</subfield>
    <subfield code="a">BCEJYS</subfield>
    <subfield code="b">BCEJYS</subfield>
    <subfield code="c">17</subfield>
    <subfield code="d">2004-10-01</subfield>
    <subfield code="h">Vol. 44, N&#xBA; 175 - oct./dic. 2004</subfield>
    <subfield code="l">0</subfield>
    <subfield code="o">H330.34 DES 175</subfield>
    <subfield code="p">R01906</subfield>
    <subfield code="r">2026-04-10 16:06:18</subfield>
    <subfield code="w">2026-04-10</subfield>
    <subfield code="y">RN</subfield>
  </datafield>
  <datafield tag="952" ind1=" " ind2=" ">
    <subfield code="0">0</subfield>
    <subfield code="1">0</subfield>
    <subfield code="4">0</subfield>
    <subfield code="7">0</subfield>
    <subfield code="a">BCEJYS</subfield>
    <subfield code="b">BCEJYS</subfield>
    <subfield code="c">17</subfield>
    <subfield code="d">2004-07-01</subfield>
    <subfield code="h">Vol. 44, N&#xBA; 174 - jul./sep. 2004</subfield>
    <subfield code="l">0</subfield>
    <subfield code="o">H330.34 DES 174</subfield>
    <subfield code="p">R01905</subfield>
    <subfield code="r">2026-04-10 16:06:18</subfield>
    <subfield code="w">2026-04-10</subfield>
    <subfield code="y">RN</subfield>
  </datafield>
  <datafield tag="952" ind1=" " ind2=" ">
    <subfield code="0">0</subfield>
    <subfield code="1">0</subfield>
    <subfield code="4">0</subfield>
    <subfield code="7">0</subfield>
    <subfield code="a">BCEJYS</subfield>
    <subfield code="b">BCEJYS</subfield>
    <subfield code="c">17</subfield>
    <subfield code="d">2004-04-01</subfield>
    <subfield code="h">Vol. 44, N&#xBA; 173 - abr./jun. 2004</subfield>
    <subfield code="l">0</subfield>
    <subfield code="o">H330.34 DES 173</subfield>
    <subfield code="p">R01904</subfield>
    <subfield code="r">2026-04-10 16:06:18</subfield>
    <subfield code="w">2026-04-10</subfield>
    <subfield code="y">RN</subfield>
  </datafield>
  <datafield tag="952" ind1=" " ind2=" ">
    <subfield code="0">0</subfield>
    <subfield code="1">0</subfield>
    <subfield code="4">0</subfield>
    <subfield code="7">0</subfield>
    <subfield code="a">BCEJYS</subfield>
    <subfield code="b">BCEJYS</subfield>
    <subfield code="c">17</subfield>
    <subfield code="d">2004-01-01</subfield>
    <subfield code="h">Vol. 43, N&#xBA; 172 - ene./mar. 2004</subfield>
    <subfield code="l">0</subfield>
    <subfield code="o">H330.34 DES 172</subfield>
    <subfield code="p">R01903</subfield>
    <subfield code="r">2026-04-10 16:06:18</subfield>
    <subfield code="w">2026-04-10</subfield>
    <subfield code="y">RN</subfield>
  </datafield>
  <datafield tag="952" ind1=" " ind2=" ">
    <subfield code="0">0</subfield>
    <subfield code="1">0</subfield>
    <subfield code="4">0</subfield>
    <subfield code="7">0</subfield>
    <subfield code="a">BCEJYS</subfield>
    <subfield code="b">BCEJYS</subfield>
    <subfield code="c">17</subfield>
    <subfield code="d">1996-07-01</subfield>
    <subfield code="h">Vol. 36, N&#xBA; 142 - jul./sep. 1996</subfield>
    <subfield code="l">0</subfield>
    <subfield code="o">H330.34 DES 142</subfield>
    <subfield code="p">R02694</subfield>
    <subfield code="r">2026-04-10 16:06:18</subfield>
    <subfield code="w">2026-04-10</subfield>
    <subfield code="y">RN</subfield>
  </datafield>
  <datafield tag="952" ind1=" " ind2=" ">
    <subfield code="0">0</subfield>
    <subfield code="1">0</subfield>
    <subfield code="4">0</subfield>
    <subfield code="7">0</subfield>
    <subfield code="a">BCEJYS</subfield>
    <subfield code="b">BCEJYS</subfield>
    <subfield code="c">17</subfield>
    <subfield code="d">1996-04-01</subfield>
    <subfield code="h">Vol. 36, N&#xBA; 141 - abr./jun. 1996</subfield>
    <subfield code="l">0</subfield>
    <subfield code="o">H330.34 DES 141</subfield>
    <subfield code="p">R02695</subfield>
    <subfield code="r">2026-04-10 16:06:18</subfield>
    <subfield code="w">2026-04-10</subfield>
    <subfield code="y">RN</subfield>
  </datafield>
  <datafield tag="952" ind1=" " ind2=" ">
    <subfield code="0">0</subfield>
    <subfield code="1">0</subfield>
    <subfield code="4">0</subfield>
    <subfield code="7">0</subfield>
    <subfield code="a">BCEJYS</subfield>
    <subfield code="b">BCEJYS</subfield>
    <subfield code="c">17</subfield>
    <subfield code="d">1995-04-01</subfield>
    <subfield code="h">Vol. 35, N&#xBA; 137 - abr./jun. 1995</subfield>
    <subfield code="l">0</subfield>
    <subfield code="o">H330.34 DES 137</subfield>
    <subfield code="p">R02696</subfield>
    <subfield code="r">2026-04-10 16:06:18</subfield>
    <subfield code="w">2026-04-10</subfield>
    <subfield code="y">RN</subfield>
  </datafield>
  <datafield tag="952" ind1=" " ind2=" ">
    <subfield code="0">0</subfield>
    <subfield code="1">0</subfield>
    <subfield code="4">0</subfield>
    <subfield code="7">0</subfield>
    <subfield code="a">BCEJYS</subfield>
    <subfield code="b">BCEJYS</subfield>
    <subfield code="c">17</subfield>
    <subfield code="d">1995-01-01</subfield>
    <subfield code="h">Vol. 34, N&#xBA; 136 - ene./mar. 1995</subfield>
    <subfield code="l">0</subfield>
    <subfield code="o">H330.34 DES 136</subfield>
    <subfield code="p">R02697</subfield>
    <subfield code="r">2026-04-10 16:06:18</subfield>
    <subfield code="w">2026-04-10</subfield>
    <subfield code="y">RN</subfield>
  </datafield>
  <datafield tag="952" ind1=" " ind2=" ">
    <subfield code="0">0</subfield>
    <subfield code="1">0</subfield>
    <subfield code="4">0</subfield>
    <subfield code="7">0</subfield>
    <subfield code="a">BCEJYS</subfield>
    <subfield code="b">BCEJYS</subfield>
    <subfield code="c">17</subfield>
    <subfield code="d">1994-10-01</subfield>
    <subfield code="h">Vol. 34, N&#xBA; 135 - oct./dic. 1994</subfield>
    <subfield code="l">0</subfield>
    <subfield code="o">H330.34 DES 135</subfield>
    <subfield code="p">R02698</subfield>
    <subfield code="r">2026-04-10 16:06:18</subfield>
    <subfield code="w">2026-04-10</subfield>
    <subfield code="y">RN</subfield>
  </datafield>
  <datafield tag="952" ind1=" " ind2=" ">
    <subfield code="0">0</subfield>
    <subfield code="1">0</subfield>
    <subfield code="4">0</subfield>
    <subfield code="7">0</subfield>
    <subfield code="a">BCEJYS</subfield>
    <subfield code="b">BCEJYS</subfield>
    <subfield code="c">17</subfield>
    <subfield code="d">1994-07-01</subfield>
    <subfield code="h">Vol. 34, N&#xBA; 134 - jul./sep. 1994</subfield>
    <subfield code="l">0</subfield>
    <subfield code="o">H330.34 DES 134</subfield>
    <subfield code="p">R02699</subfield>
    <subfield code="r">2026-04-10 16:06:18</subfield>
    <subfield code="w">2026-04-10</subfield>
    <subfield code="y">RN</subfield>
  </datafield>
  <datafield tag="952" ind1=" " ind2=" ">
    <subfield code="0">0</subfield>
    <subfield code="1">0</subfield>
    <subfield code="4">0</subfield>
    <subfield code="7">0</subfield>
    <subfield code="a">BCEJYS</subfield>
    <subfield code="b">BCEJYS</subfield>
    <subfield code="c">17</subfield>
    <subfield code="d">1994-04-01</subfield>
    <subfield code="h">Vol. 34, N&#xBA; 133 - abr./jun. 1994</subfield>
    <subfield code="l">0</subfield>
    <subfield code="o">H330.34 DES 133</subfield>
    <subfield code="p">R02700</subfield>
    <subfield code="r">2026-04-10 16:06:18</subfield>
    <subfield code="w">2026-04-10</subfield>
    <subfield code="y">RN</subfield>
  </datafield>
  <datafield tag="952" ind1=" " ind2=" ">
    <subfield code="0">0</subfield>
    <subfield code="1">0</subfield>
    <subfield code="4">0</subfield>
    <subfield code="7">0</subfield>
    <subfield code="a">BCEJYS</subfield>
    <subfield code="b">BCEJYS</subfield>
    <subfield code="c">17</subfield>
    <subfield code="d">1994-01-01</subfield>
    <subfield code="h">Vol. 33, N&#xBA; 132 - ene./mar. 1994</subfield>
    <subfield code="l">0</subfield>
    <subfield code="o">H330.34 DES 132</subfield>
    <subfield code="p">R02701</subfield>
    <subfield code="r">2026-04-10 16:06:18</subfield>
    <subfield code="w">2026-04-10</subfield>
    <subfield code="y">RN</subfield>
  </datafield>
  <datafield tag="952" ind1=" " ind2=" ">
    <subfield code="0">0</subfield>
    <subfield code="1">0</subfield>
    <subfield code="4">0</subfield>
    <subfield code="7">0</subfield>
    <subfield code="a">BCEJYS</subfield>
    <subfield code="b">BCEJYS</subfield>
    <subfield code="c">17</subfield>
    <subfield code="d">1993-10-01</subfield>
    <subfield code="h">Vol. 33, N&#xBA; 131 - oct./dic. 1993</subfield>
    <subfield code="l">0</subfield>
    <subfield code="o">H330.34 DES 131</subfield>
    <subfield code="p">R02702</subfield>
    <subfield code="r">2026-04-10 16:06:19</subfield>
    <subfield code="w">2026-04-10</subfield>
    <subfield code="y">RN</subfield>
  </datafield>
  <datafield tag="952" ind1=" " ind2=" ">
    <subfield code="0">0</subfield>
    <subfield code="1">0</subfield>
    <subfield code="4">0</subfield>
    <subfield code="7">0</subfield>
    <subfield code="a">BCEJYS</subfield>
    <subfield code="b">BCEJYS</subfield>
    <subfield code="c">17</subfield>
    <subfield code="d">1990-10-01</subfield>
    <subfield code="h">Vol. 30, N&#xBA; 119 - oct./dic. 1990</subfield>
    <subfield code="l">0</subfield>
    <subfield code="o">H330.34 DES 119</subfield>
    <subfield code="p">R02852</subfield>
    <subfield code="r">2026-04-10 16:06:19</subfield>
    <subfield code="w">2026-04-10</subfield>
    <subfield code="y">RN</subfield>
  </datafield>
  <datafield tag="952" ind1=" " ind2=" ">
    <subfield code="0">0</subfield>
    <subfield code="1">0</subfield>
    <subfield code="4">0</subfield>
    <subfield code="7">0</subfield>
    <subfield code="a">BCEJYS</subfield>
    <subfield code="b">BCEJYS</subfield>
    <subfield code="c">17</subfield>
    <subfield code="d">1990-04-01</subfield>
    <subfield code="h">Vol. 30, N&#xBA; 117 - abr./jun. 1990</subfield>
    <subfield code="l">0</subfield>
    <subfield code="o">H330.34 DES 117</subfield>
    <subfield code="p">R02853</subfield>
    <subfield code="r">2026-04-10 16:06:19</subfield>
    <subfield code="w">2026-04-10</subfield>
    <subfield code="y">RN</subfield>
  </datafield>
  <datafield tag="952" ind1=" " ind2=" ">
    <subfield code="0">0</subfield>
    <subfield code="1">0</subfield>
    <subfield code="4">0</subfield>
    <subfield code="7">0</subfield>
    <subfield code="a">BCEJYS</subfield>
    <subfield code="b">BCEJYS</subfield>
    <subfield code="c">17</subfield>
    <subfield code="d">1990-01-01</subfield>
    <subfield code="h">Vol. 29, N&#xBA; 116 - ene./mar. 1990</subfield>
    <subfield code="l">0</subfield>
    <subfield code="o">H330.34 DES 116</subfield>
    <subfield code="p">R02854</subfield>
    <subfield code="r">2026-04-10 16:06:19</subfield>
    <subfield code="w">2026-04-10</subfield>
    <subfield code="y">RN</subfield>
  </datafield>
  <datafield tag="952" ind1=" " ind2=" ">
    <subfield code="0">0</subfield>
    <subfield code="1">0</subfield>
    <subfield code="4">0</subfield>
    <subfield code="7">0</subfield>
    <subfield code="a">BCEJYS</subfield>
    <subfield code="b">BCEJYS</subfield>
    <subfield code="c">17</subfield>
    <subfield code="d">1988-10-01</subfield>
    <subfield code="h">Vol. 28, N&#xBA; 111 - oct./dic. 1988</subfield>
    <subfield code="l">0</subfield>
    <subfield code="o">H330.34 DES 111</subfield>
    <subfield code="p">R02855</subfield>
    <subfield code="r">2026-04-10 16:06:19</subfield>
    <subfield code="w">2026-04-10</subfield>
    <subfield code="y">RN</subfield>
  </datafield>
  <datafield tag="952" ind1=" " ind2=" ">
    <subfield code="0">0</subfield>
    <subfield code="1">0</subfield>
    <subfield code="4">0</subfield>
    <subfield code="7">0</subfield>
    <subfield code="a">BCEJYS</subfield>
    <subfield code="b">BCEJYS</subfield>
    <subfield code="c">17</subfield>
    <subfield code="d">1988-07-01</subfield>
    <subfield code="h">Vol. 28, N&#xBA; 110 - jul./sep. 1988</subfield>
    <subfield code="l">0</subfield>
    <subfield code="o">H330.34 DES 110</subfield>
    <subfield code="p">R02856</subfield>
    <subfield code="r">2026-04-10 16:06:19</subfield>
    <subfield code="w">2026-04-10</subfield>
    <subfield code="y">RN</subfield>
  </datafield>
  <datafield tag="952" ind1=" " ind2=" ">
    <subfield code="0">0</subfield>
    <subfield code="1">0</subfield>
    <subfield code="4">0</subfield>
    <subfield code="7">0</subfield>
    <subfield code="a">BCEJYS</subfield>
    <subfield code="b">BCEJYS</subfield>
    <subfield code="c">17</subfield>
    <subfield code="d">1988-04-01</subfield>
    <subfield code="h">Vol. 28, N&#xBA; 109 - abr./jun. 1988</subfield>
    <subfield code="l">0</subfield>
    <subfield code="o">H330.34 DES 109</subfield>
    <subfield code="p">R02857</subfield>
    <subfield code="r">2026-04-10 16:06:19</subfield>
    <subfield code="w">2026-04-10</subfield>
    <subfield code="y">RN</subfield>
  </datafield>
  <datafield tag="952" ind1=" " ind2=" ">
    <subfield code="0">0</subfield>
    <subfield code="1">0</subfield>
    <subfield code="4">0</subfield>
    <subfield code="7">0</subfield>
    <subfield code="a">BCEJYS</subfield>
    <subfield code="b">BCEJYS</subfield>
    <subfield code="c">17</subfield>
    <subfield code="d">1988-01-01</subfield>
    <subfield code="h">Vol. 27, N&#xBA; 108 - ene./mar. 1988</subfield>
    <subfield code="l">0</subfield>
    <subfield code="o">H330.34 DES 108</subfield>
    <subfield code="p">R02858</subfield>
    <subfield code="r">2026-04-10 16:06:19</subfield>
    <subfield code="w">2026-04-10</subfield>
    <subfield code="y">RN</subfield>
  </datafield>
  <datafield tag="952" ind1=" " ind2=" ">
    <subfield code="0">0</subfield>
    <subfield code="1">0</subfield>
    <subfield code="4">0</subfield>
    <subfield code="7">0</subfield>
    <subfield code="a">BCEJYS</subfield>
    <subfield code="b">BCEJYS</subfield>
    <subfield code="c">17</subfield>
    <subfield code="d">1987-10-01</subfield>
    <subfield code="h">Vol. 27, N&#xBA; 107 - oct./dic. 1987</subfield>
    <subfield code="l">0</subfield>
    <subfield code="o">H330.34 DES 107</subfield>
    <subfield code="p">R02859</subfield>
    <subfield code="r">2026-04-10 16:06:19</subfield>
    <subfield code="w">2026-04-10</subfield>
    <subfield code="y">RN</subfield>
  </datafield>
  <datafield tag="952" ind1=" " ind2=" ">
    <subfield code="0">0</subfield>
    <subfield code="1">0</subfield>
    <subfield code="4">0</subfield>
    <subfield code="7">0</subfield>
    <subfield code="a">BCEJYS</subfield>
    <subfield code="b">BCEJYS</subfield>
    <subfield code="c">17</subfield>
    <subfield code="d">1987-07-01</subfield>
    <subfield code="h">Vol. 27, N&#xBA; 106 - jul./sep. 1987</subfield>
    <subfield code="l">0</subfield>
    <subfield code="o">H330.34 DES 106</subfield>
    <subfield code="p">R02860</subfield>
    <subfield code="r">2026-04-10 16:06:19</subfield>
    <subfield code="w">2026-04-10</subfield>
    <subfield code="y">RN</subfield>
  </datafield>
  <datafield tag="952" ind1=" " ind2=" ">
    <subfield code="0">0</subfield>
    <subfield code="1">0</subfield>
    <subfield code="4">0</subfield>
    <subfield code="7">0</subfield>
    <subfield code="a">BCEJYS</subfield>
    <subfield code="b">BCEJYS</subfield>
    <subfield code="c">17</subfield>
    <subfield code="d">1987-04-01</subfield>
    <subfield code="h">Vol. 27, N&#xBA; 105 - abr./jun. 1987</subfield>
    <subfield code="l">0</subfield>
    <subfield code="o">H330.34 DES 105</subfield>
    <subfield code="p">R02861</subfield>
    <subfield code="r">2026-04-10 16:06:19</subfield>
    <subfield code="w">2026-04-10</subfield>
    <subfield code="y">RN</subfield>
  </datafield>
  <datafield tag="952" ind1=" " ind2=" ">
    <subfield code="0">0</subfield>
    <subfield code="1">0</subfield>
    <subfield code="4">0</subfield>
    <subfield code="7">0</subfield>
    <subfield code="a">BCEJYS</subfield>
    <subfield code="b">BCEJYS</subfield>
    <subfield code="c">17</subfield>
    <subfield code="d">1987-01-01</subfield>
    <subfield code="h">Vol. 26, N&#xBA; 104 - ene./mar. 1987</subfield>
    <subfield code="l">0</subfield>
    <subfield code="o">H330.34 DES 104</subfield>
    <subfield code="p">R02862</subfield>
    <subfield code="r">2026-04-10 16:06:19</subfield>
    <subfield code="w">2026-04-10</subfield>
    <subfield code="y">RN</subfield>
  </datafield>
  <datafield tag="952" ind1=" " ind2=" ">
    <subfield code="0">0</subfield>
    <subfield code="1">0</subfield>
    <subfield code="4">0</subfield>
    <subfield code="7">0</subfield>
    <subfield code="a">BCEJYS</subfield>
    <subfield code="b">BCEJYS</subfield>
    <subfield code="c">17</subfield>
    <subfield code="d">1986-10-01</subfield>
    <subfield code="h">Vol. 26, N&#xBA; 103 - oct./dic. 1986</subfield>
    <subfield code="l">0</subfield>
    <subfield code="o">H330.34 DES 103</subfield>
    <subfield code="p">R02863</subfield>
    <subfield code="r">2026-04-10 16:06:19</subfield>
    <subfield code="w">2026-04-10</subfield>
    <subfield code="y">RN</subfield>
  </datafield>
  <datafield tag="952" ind1=" " ind2=" ">
    <subfield code="0">0</subfield>
    <subfield code="1">0</subfield>
    <subfield code="4">0</subfield>
    <subfield code="7">0</subfield>
    <subfield code="a">BCEJYS</subfield>
    <subfield code="b">BCEJYS</subfield>
    <subfield code="c">17</subfield>
    <subfield code="d">1986-07-01</subfield>
    <subfield code="h">Vol. 26, N&#xBA; 102 - jul./sep. 1986</subfield>
    <subfield code="l">0</subfield>
    <subfield code="o">H330.34 DES 102</subfield>
    <subfield code="p">R02864</subfield>
    <subfield code="r">2026-04-10 16:06:19</subfield>
    <subfield code="w">2026-04-10</subfield>
    <subfield code="y">RN</subfield>
  </datafield>
  <datafield tag="952" ind1=" " ind2=" ">
    <subfield code="0">0</subfield>
    <subfield code="1">0</subfield>
    <subfield code="4">0</subfield>
    <subfield code="7">0</subfield>
    <subfield code="a">BCEJYS</subfield>
    <subfield code="b">BCEJYS</subfield>
    <subfield code="c">17</subfield>
    <subfield code="d">1986-01-01</subfield>
    <subfield code="h">Vol. 25, N&#xBA; 100 - ene./mar. 1986</subfield>
    <subfield code="l">0</subfield>
    <subfield code="o">H330.34 DES 100</subfield>
    <subfield code="p">R02865</subfield>
    <subfield code="r">2026-04-10 16:06:19</subfield>
    <subfield code="w">2026-04-10</subfield>
    <subfield code="y">RN</subfield>
  </datafield>
  <datafield tag="952" ind1=" " ind2=" ">
    <subfield code="0">0</subfield>
    <subfield code="1">0</subfield>
    <subfield code="4">0</subfield>
    <subfield code="7">0</subfield>
    <subfield code="a">BCEJYS</subfield>
    <subfield code="b">BCEJYS</subfield>
    <subfield code="c">17</subfield>
    <subfield code="d">1985-10-01</subfield>
    <subfield code="h">Vol. 25, N&#xBA; 99 - oct. /dic. 1985</subfield>
    <subfield code="l">0</subfield>
    <subfield code="o">H330.34 DES 99</subfield>
    <subfield code="p">R02866</subfield>
    <subfield code="r">2026-04-10 16:06:19</subfield>
    <subfield code="w">2026-04-10</subfield>
    <subfield code="y">RN</subfield>
  </datafield>
  <datafield tag="952" ind1=" " ind2=" ">
    <subfield code="0">0</subfield>
    <subfield code="1">0</subfield>
    <subfield code="4">0</subfield>
    <subfield code="7">0</subfield>
    <subfield code="a">BCEJYS</subfield>
    <subfield code="b">BCEJYS</subfield>
    <subfield code="c">17</subfield>
    <subfield code="d">1985-07-01</subfield>
    <subfield code="h">Vol. 25, N&#xBA; 98 - jul./sep. 1985</subfield>
    <subfield code="l">0</subfield>
    <subfield code="o">H330.34 DES 98</subfield>
    <subfield code="p">R02867</subfield>
    <subfield code="r">2026-04-10 16:06:19</subfield>
    <subfield code="w">2026-04-10</subfield>
    <subfield code="y">RN</subfield>
  </datafield>
  <datafield tag="952" ind1=" " ind2=" ">
    <subfield code="0">0</subfield>
    <subfield code="1">0</subfield>
    <subfield code="4">0</subfield>
    <subfield code="7">0</subfield>
    <subfield code="a">BCEJYS</subfield>
    <subfield code="b">BCEJYS</subfield>
    <subfield code="c">17</subfield>
    <subfield code="d">1985-04-01</subfield>
    <subfield code="h">Vol. 25, N&#xBA; 97 - abr./jun. 1985</subfield>
    <subfield code="l">0</subfield>
    <subfield code="o">H330.34 DES 97</subfield>
    <subfield code="p">R02868</subfield>
    <subfield code="r">2026-04-10 16:06:19</subfield>
    <subfield code="w">2026-04-10</subfield>
    <subfield code="y">RN</subfield>
  </datafield>
  <datafield tag="952" ind1=" " ind2=" ">
    <subfield code="0">0</subfield>
    <subfield code="1">0</subfield>
    <subfield code="4">0</subfield>
    <subfield code="7">0</subfield>
    <subfield code="a">BCEJYS</subfield>
    <subfield code="b">BCEJYS</subfield>
    <subfield code="c">17</subfield>
    <subfield code="d">1985-01-01</subfield>
    <subfield code="h">Vol. 24, N&#xBA; 96 - ene./mar. 1985</subfield>
    <subfield code="l">0</subfield>
    <subfield code="o">H330.34 DES 96</subfield>
    <subfield code="p">R02869</subfield>
    <subfield code="r">2026-04-10 16:06:19</subfield>
    <subfield code="w">2026-04-10</subfield>
    <subfield code="y">RN</subfield>
  </datafield>
  <datafield tag="952" ind1=" " ind2=" ">
    <subfield code="0">0</subfield>
    <subfield code="1">0</subfield>
    <subfield code="4">0</subfield>
    <subfield code="7">0</subfield>
    <subfield code="a">BCEJYS</subfield>
    <subfield code="b">BCEJYS</subfield>
    <subfield code="c">17</subfield>
    <subfield code="d">1984-10-01</subfield>
    <subfield code="h">Vol. 24, N&#xBA; 95 - oct./dic. 1984</subfield>
    <subfield code="l">0</subfield>
    <subfield code="o">H330.34 DES 95</subfield>
    <subfield code="p">R02870</subfield>
    <subfield code="r">2026-04-10 16:06:19</subfield>
    <subfield code="w">2026-04-10</subfield>
    <subfield code="y">RN</subfield>
  </datafield>
  <datafield tag="952" ind1=" " ind2=" ">
    <subfield code="0">0</subfield>
    <subfield code="1">0</subfield>
    <subfield code="4">0</subfield>
    <subfield code="7">0</subfield>
    <subfield code="a">BCEJYS</subfield>
    <subfield code="b">BCEJYS</subfield>
    <subfield code="c">17</subfield>
    <subfield code="d">1984-07-01</subfield>
    <subfield code="h">Vol. 24, N&#xBA; 94 - jul./sep. 1984</subfield>
    <subfield code="l">0</subfield>
    <subfield code="o">H330.34 DES 94</subfield>
    <subfield code="p">R02871</subfield>
    <subfield code="r">2026-04-10 16:06:19</subfield>
    <subfield code="w">2026-04-10</subfield>
    <subfield code="y">RN</subfield>
  </datafield>
  <datafield tag="952" ind1=" " ind2=" ">
    <subfield code="0">0</subfield>
    <subfield code="1">0</subfield>
    <subfield code="4">0</subfield>
    <subfield code="7">0</subfield>
    <subfield code="a">BCEJYS</subfield>
    <subfield code="b">BCEJYS</subfield>
    <subfield code="c">17</subfield>
    <subfield code="d">1984-04-01</subfield>
    <subfield code="h">Vol. 24, N&#xBA; 93 - abr./jun. 1984</subfield>
    <subfield code="l">0</subfield>
    <subfield code="o">H330.34 DES 93</subfield>
    <subfield code="p">R02872</subfield>
    <subfield code="r">2026-04-10 16:06:19</subfield>
    <subfield code="w">2026-04-10</subfield>
    <subfield code="y">RN</subfield>
  </datafield>
  <datafield tag="952" ind1=" " ind2=" ">
    <subfield code="0">0</subfield>
    <subfield code="1">0</subfield>
    <subfield code="4">0</subfield>
    <subfield code="7">0</subfield>
    <subfield code="a">BCEJYS</subfield>
    <subfield code="b">BCEJYS</subfield>
    <subfield code="c">17</subfield>
    <subfield code="d">1984-01-01</subfield>
    <subfield code="h">Vol. 23, N&#xBA; 92 - ene./mar. 1984</subfield>
    <subfield code="l">0</subfield>
    <subfield code="o">H330.34 DES 92</subfield>
    <subfield code="p">R02873</subfield>
    <subfield code="r">2026-04-10 16:06:19</subfield>
    <subfield code="w">2026-04-10</subfield>
    <subfield code="y">RN</subfield>
  </datafield>
  <datafield tag="952" ind1=" " ind2=" ">
    <subfield code="0">0</subfield>
    <subfield code="1">0</subfield>
    <subfield code="4">0</subfield>
    <subfield code="7">0</subfield>
    <subfield code="a">BCEJYS</subfield>
    <subfield code="b">BCEJYS</subfield>
    <subfield code="c">17</subfield>
    <subfield code="d">1983-10-01</subfield>
    <subfield code="h">Vol. 23, N&#xBA; 91 - oct./dic. 1983</subfield>
    <subfield code="l">0</subfield>
    <subfield code="o">H330.34 DES 91</subfield>
    <subfield code="p">R02874</subfield>
    <subfield code="r">2026-04-10 16:06:19</subfield>
    <subfield code="w">2026-04-10</subfield>
    <subfield code="y">RN</subfield>
  </datafield>
  <datafield tag="952" ind1=" " ind2=" ">
    <subfield code="0">0</subfield>
    <subfield code="1">0</subfield>
    <subfield code="4">0</subfield>
    <subfield code="7">0</subfield>
    <subfield code="a">BCEJYS</subfield>
    <subfield code="b">BCEJYS</subfield>
    <subfield code="c">17</subfield>
    <subfield code="d">1983-07-01</subfield>
    <subfield code="h">Vol. 23, N&#xBA; 90 - jul./sep. 1983</subfield>
    <subfield code="l">0</subfield>
    <subfield code="o">H330.34 DES 90</subfield>
    <subfield code="p">R02875</subfield>
    <subfield code="r">2026-04-10 16:06:19</subfield>
    <subfield code="w">2026-04-10</subfield>
    <subfield code="y">RN</subfield>
  </datafield>
  <datafield tag="952" ind1=" " ind2=" ">
    <subfield code="0">0</subfield>
    <subfield code="1">0</subfield>
    <subfield code="4">0</subfield>
    <subfield code="7">0</subfield>
    <subfield code="a">BCEJYS</subfield>
    <subfield code="b">BCEJYS</subfield>
    <subfield code="c">17</subfield>
    <subfield code="d">1983-04-01</subfield>
    <subfield code="h">Vol. 23, N&#xBA; 89 - abr./jun. 1983</subfield>
    <subfield code="l">0</subfield>
    <subfield code="o">H330.34 DES 89</subfield>
    <subfield code="p">R02876</subfield>
    <subfield code="r">2026-04-10 16:06:19</subfield>
    <subfield code="w">2026-04-10</subfield>
    <subfield code="y">RN</subfield>
  </datafield>
  <datafield tag="952" ind1=" " ind2=" ">
    <subfield code="0">0</subfield>
    <subfield code="1">0</subfield>
    <subfield code="4">0</subfield>
    <subfield code="7">0</subfield>
    <subfield code="a">BCEJYS</subfield>
    <subfield code="b">BCEJYS</subfield>
    <subfield code="c">17</subfield>
    <subfield code="d">1983-01-01</subfield>
    <subfield code="h">Vol. 22, N&#xBA; 88 - ene./mar. 1983</subfield>
    <subfield code="l">0</subfield>
    <subfield code="o">H330.34 DES 88</subfield>
    <subfield code="p">R02877</subfield>
    <subfield code="r">2026-04-10 16:06:19</subfield>
    <subfield code="w">2026-04-10</subfield>
    <subfield code="y">RN</subfield>
  </datafield>
  <datafield tag="952" ind1=" " ind2=" ">
    <subfield code="0">0</subfield>
    <subfield code="1">0</subfield>
    <subfield code="4">0</subfield>
    <subfield code="7">0</subfield>
    <subfield code="a">BCEJYS</subfield>
    <subfield code="b">BCEJYS</subfield>
    <subfield code="c">17</subfield>
    <subfield code="d">1982-07-01</subfield>
    <subfield code="h">Vol. 22, N&#xBA; 86 - jul./sep. 1982</subfield>
    <subfield code="l">0</subfield>
    <subfield code="o">H330.34 DES 86</subfield>
    <subfield code="p">R02878</subfield>
    <subfield code="r">2026-04-10 16:06:19</subfield>
    <subfield code="w">2026-04-10</subfield>
    <subfield code="y">RN</subfield>
  </datafield>
  <datafield tag="952" ind1=" " ind2=" ">
    <subfield code="0">0</subfield>
    <subfield code="1">0</subfield>
    <subfield code="4">0</subfield>
    <subfield code="7">0</subfield>
    <subfield code="a">BCEJYS</subfield>
    <subfield code="b">BCEJYS</subfield>
    <subfield code="c">17</subfield>
    <subfield code="d">1982-04-01</subfield>
    <subfield code="h">Vol. 22, N&#xBA; 85 - abr./jun. 1982</subfield>
    <subfield code="l">0</subfield>
    <subfield code="o">H330.34 DES 85</subfield>
    <subfield code="p">R02879</subfield>
    <subfield code="r">2026-04-10 16:06:19</subfield>
    <subfield code="w">2026-04-10</subfield>
    <subfield code="y">RN</subfield>
  </datafield>
  <datafield tag="952" ind1=" " ind2=" ">
    <subfield code="0">0</subfield>
    <subfield code="1">0</subfield>
    <subfield code="4">0</subfield>
    <subfield code="7">0</subfield>
    <subfield code="a">BCEJYS</subfield>
    <subfield code="b">BCEJYS</subfield>
    <subfield code="c">17</subfield>
    <subfield code="d">1982-01-01</subfield>
    <subfield code="h">Vol. 21, N&#xBA; 84 - ene./mar. 1982</subfield>
    <subfield code="l">0</subfield>
    <subfield code="o">H330.34 DES 84</subfield>
    <subfield code="p">R02880</subfield>
    <subfield code="r">2026-04-10 16:06:19</subfield>
    <subfield code="w">2026-04-10</subfield>
    <subfield code="y">RN</subfield>
  </datafield>
  <datafield tag="952" ind1=" " ind2=" ">
    <subfield code="0">0</subfield>
    <subfield code="1">0</subfield>
    <subfield code="4">0</subfield>
    <subfield code="7">0</subfield>
    <subfield code="a">BCEJYS</subfield>
    <subfield code="b">BCEJYS</subfield>
    <subfield code="c">17</subfield>
    <subfield code="d">1981-10-01</subfield>
    <subfield code="h">Vol. 21, N&#xBA; 83 - oct./dic. 1981</subfield>
    <subfield code="l">0</subfield>
    <subfield code="o">H330.34 DES 83</subfield>
    <subfield code="p">R02881</subfield>
    <subfield code="r">2026-04-10 16:06:19</subfield>
    <subfield code="w">2026-04-10</subfield>
    <subfield code="y">RN</subfield>
  </datafield>
  <datafield tag="952" ind1=" " ind2=" ">
    <subfield code="0">0</subfield>
    <subfield code="1">0</subfield>
    <subfield code="4">0</subfield>
    <subfield code="7">0</subfield>
    <subfield code="a">BCEJYS</subfield>
    <subfield code="b">BCEJYS</subfield>
    <subfield code="c">17</subfield>
    <subfield code="d">1981-07-01</subfield>
    <subfield code="h">Vol. 21, N&#xBA; 82 - jul./sep. 1981</subfield>
    <subfield code="l">0</subfield>
    <subfield code="o">H330.34 DES 82</subfield>
    <subfield code="p">R02882</subfield>
    <subfield code="r">2026-04-10 16:06:19</subfield>
    <subfield code="w">2026-04-10</subfield>
    <subfield code="y">RN</subfield>
  </datafield>
  <datafield tag="952" ind1=" " ind2=" ">
    <subfield code="0">0</subfield>
    <subfield code="1">0</subfield>
    <subfield code="4">0</subfield>
    <subfield code="7">0</subfield>
    <subfield code="a">BCEJYS</subfield>
    <subfield code="b">BCEJYS</subfield>
    <subfield code="c">17</subfield>
    <subfield code="d">1981-04-01</subfield>
    <subfield code="h">Vol. 21, N&#xBA; 81 - abr./jun. 1981</subfield>
    <subfield code="l">0</subfield>
    <subfield code="o">H330.34 DES 81</subfield>
    <subfield code="p">R02883</subfield>
    <subfield code="r">2026-04-10 16:06:19</subfield>
    <subfield code="w">2026-04-10</subfield>
    <subfield code="y">RN</subfield>
  </datafield>
  <datafield tag="952" ind1=" " ind2=" ">
    <subfield code="0">0</subfield>
    <subfield code="1">0</subfield>
    <subfield code="4">0</subfield>
    <subfield code="7">0</subfield>
    <subfield code="a">BCEJYS</subfield>
    <subfield code="b">BCEJYS</subfield>
    <subfield code="c">17</subfield>
    <subfield code="d">1981-01-01</subfield>
    <subfield code="h">Vol. 20, N&#xBA; 80 - ene./mar. 1981</subfield>
    <subfield code="l">0</subfield>
    <subfield code="o">H330.34 DES 80</subfield>
    <subfield code="p">R02884</subfield>
    <subfield code="r">2026-04-10 16:06:19</subfield>
    <subfield code="w">2026-04-10</subfield>
    <subfield code="y">RN</subfield>
  </datafield>
  <datafield tag="952" ind1=" " ind2=" ">
    <subfield code="0">0</subfield>
    <subfield code="1">0</subfield>
    <subfield code="4">0</subfield>
    <subfield code="7">0</subfield>
    <subfield code="a">BCEJYS</subfield>
    <subfield code="b">BCEJYS</subfield>
    <subfield code="c">17</subfield>
    <subfield code="d">1980-10-01</subfield>
    <subfield code="h">Vol. 20, N&#xBA; 79 - oct./dic. 1980</subfield>
    <subfield code="l">0</subfield>
    <subfield code="o">H330.34 DES 79</subfield>
    <subfield code="p">R02885</subfield>
    <subfield code="r">2026-04-10 16:06:19</subfield>
    <subfield code="w">2026-04-10</subfield>
    <subfield code="y">RN</subfield>
  </datafield>
  <datafield tag="952" ind1=" " ind2=" ">
    <subfield code="0">0</subfield>
    <subfield code="1">0</subfield>
    <subfield code="4">0</subfield>
    <subfield code="7">0</subfield>
    <subfield code="a">BCEJYS</subfield>
    <subfield code="b">BCEJYS</subfield>
    <subfield code="c">17</subfield>
    <subfield code="d">1980-07-01</subfield>
    <subfield code="h">Vol. 20, N&#xBA; 78 - jul./sep. 1980</subfield>
    <subfield code="l">0</subfield>
    <subfield code="o">H330.34 DES 78</subfield>
    <subfield code="p">R02886</subfield>
    <subfield code="r">2026-04-10 16:06:19</subfield>
    <subfield code="w">2026-04-10</subfield>
    <subfield code="y">RN</subfield>
  </datafield>
  <datafield tag="952" ind1=" " ind2=" ">
    <subfield code="0">0</subfield>
    <subfield code="1">0</subfield>
    <subfield code="4">0</subfield>
    <subfield code="7">0</subfield>
    <subfield code="a">BCEJYS</subfield>
    <subfield code="b">BCEJYS</subfield>
    <subfield code="c">17</subfield>
    <subfield code="d">1980-04-01</subfield>
    <subfield code="h">Vol. 20, N&#xBA; 77 - abr./jun. 1980</subfield>
    <subfield code="l">0</subfield>
    <subfield code="o">H330.34 DES 77</subfield>
    <subfield code="p">R02887</subfield>
    <subfield code="r">2026-04-10 16:06:19</subfield>
    <subfield code="w">2026-04-10</subfield>
    <subfield code="y">RN</subfield>
  </datafield>
  <datafield tag="952" ind1=" " ind2=" ">
    <subfield code="0">0</subfield>
    <subfield code="1">0</subfield>
    <subfield code="4">0</subfield>
    <subfield code="7">0</subfield>
    <subfield code="a">BCEJYS</subfield>
    <subfield code="b">BCEJYS</subfield>
    <subfield code="c">17</subfield>
    <subfield code="d">1980-01-01</subfield>
    <subfield code="h">Vol. 19, N&#xBA; 76 - ene./mar. 1980</subfield>
    <subfield code="l">0</subfield>
    <subfield code="o">H330.34 DES 76</subfield>
    <subfield code="p">R02888</subfield>
    <subfield code="r">2026-04-10 16:06:19</subfield>
    <subfield code="w">2026-04-10</subfield>
    <subfield code="y">RN</subfield>
  </datafield>
  <datafield tag="952" ind1=" " ind2=" ">
    <subfield code="0">0</subfield>
    <subfield code="1">0</subfield>
    <subfield code="4">0</subfield>
    <subfield code="7">0</subfield>
    <subfield code="a">BCEJYS</subfield>
    <subfield code="b">BCEJYS</subfield>
    <subfield code="c">17</subfield>
    <subfield code="d">1979-10-01</subfield>
    <subfield code="h">Vol. 19, N&#xBA; 75 - oct./dic. 1979</subfield>
    <subfield code="l">0</subfield>
    <subfield code="o">H330.34 DES 75</subfield>
    <subfield code="p">R02889</subfield>
    <subfield code="r">2026-04-10 16:06:19</subfield>
    <subfield code="w">2026-04-10</subfield>
    <subfield code="y">RN</subfield>
  </datafield>
  <datafield tag="952" ind1=" " ind2=" ">
    <subfield code="0">0</subfield>
    <subfield code="1">0</subfield>
    <subfield code="4">0</subfield>
    <subfield code="7">0</subfield>
    <subfield code="a">BCEJYS</subfield>
    <subfield code="b">BCEJYS</subfield>
    <subfield code="c">17</subfield>
    <subfield code="d">1979-07-01</subfield>
    <subfield code="h">Vol. 19, N&#xBA; 74 - jul./sep. 1979</subfield>
    <subfield code="l">0</subfield>
    <subfield code="o">H330.34 DES 74</subfield>
    <subfield code="p">R02890</subfield>
    <subfield code="r">2026-04-10 16:06:19</subfield>
    <subfield code="w">2026-04-10</subfield>
    <subfield code="y">RN</subfield>
  </datafield>
  <datafield tag="952" ind1=" " ind2=" ">
    <subfield code="0">0</subfield>
    <subfield code="1">0</subfield>
    <subfield code="4">0</subfield>
    <subfield code="7">0</subfield>
    <subfield code="a">BCEJYS</subfield>
    <subfield code="b">BCEJYS</subfield>
    <subfield code="c">17</subfield>
    <subfield code="d">1979-04-01</subfield>
    <subfield code="h">Vol. 19, N&#xBA; 73 - abr./jun. 1979</subfield>
    <subfield code="l">0</subfield>
    <subfield code="o">H330.34 DES 73</subfield>
    <subfield code="p">R02891</subfield>
    <subfield code="r">2026-04-10 16:06:19</subfield>
    <subfield code="w">2026-04-10</subfield>
    <subfield code="y">RN</subfield>
  </datafield>
  <datafield tag="952" ind1=" " ind2=" ">
    <subfield code="0">0</subfield>
    <subfield code="1">0</subfield>
    <subfield code="4">0</subfield>
    <subfield code="7">0</subfield>
    <subfield code="a">BCEJYS</subfield>
    <subfield code="b">BCEJYS</subfield>
    <subfield code="c">17</subfield>
    <subfield code="d">1979-01-01</subfield>
    <subfield code="h">Vol. 18, N&#xBA; 72 - ene./mar. 1979</subfield>
    <subfield code="l">0</subfield>
    <subfield code="o">H330.34 DES 72</subfield>
    <subfield code="p">R02892</subfield>
    <subfield code="r">2026-04-10 16:06:19</subfield>
    <subfield code="w">2026-04-10</subfield>
    <subfield code="y">RN</subfield>
  </datafield>
  <datafield tag="952" ind1=" " ind2=" ">
    <subfield code="0">0</subfield>
    <subfield code="1">0</subfield>
    <subfield code="4">0</subfield>
    <subfield code="7">0</subfield>
    <subfield code="a">BCEJYS</subfield>
    <subfield code="b">BCEJYS</subfield>
    <subfield code="c">17</subfield>
    <subfield code="d">1978-10-01</subfield>
    <subfield code="h">Vol. 18, N&#xBA; 71 - oct./dic. 1978</subfield>
    <subfield code="l">0</subfield>
    <subfield code="o">H330.34 DES 71</subfield>
    <subfield code="p">R02893</subfield>
    <subfield code="r">2026-04-10 16:06:19</subfield>
    <subfield code="w">2026-04-10</subfield>
    <subfield code="y">RN</subfield>
  </datafield>
  <datafield tag="952" ind1=" " ind2=" ">
    <subfield code="0">0</subfield>
    <subfield code="1">0</subfield>
    <subfield code="4">0</subfield>
    <subfield code="7">0</subfield>
    <subfield code="a">BCEJYS</subfield>
    <subfield code="b">BCEJYS</subfield>
    <subfield code="c">17</subfield>
    <subfield code="d">1978-07-01</subfield>
    <subfield code="h">Vol. 18, N&#xBA; 70 - jul./sep. 1978</subfield>
    <subfield code="l">0</subfield>
    <subfield code="o">H330.34 DES 70</subfield>
    <subfield code="p">R02894</subfield>
    <subfield code="r">2026-04-10 16:06:19</subfield>
    <subfield code="w">2026-04-10</subfield>
    <subfield code="y">RN</subfield>
  </datafield>
  <datafield tag="952" ind1=" " ind2=" ">
    <subfield code="0">0</subfield>
    <subfield code="1">0</subfield>
    <subfield code="4">0</subfield>
    <subfield code="7">0</subfield>
    <subfield code="a">BCEJYS</subfield>
    <subfield code="b">BCEJYS</subfield>
    <subfield code="c">17</subfield>
    <subfield code="d">1978-04-01</subfield>
    <subfield code="h">Vol. 18, N&#xBA; 69 - abr./jun. 1978</subfield>
    <subfield code="l">0</subfield>
    <subfield code="o">H330.34 DES 69</subfield>
    <subfield code="p">R02895</subfield>
    <subfield code="r">2026-04-10 16:06:19</subfield>
    <subfield code="w">2026-04-10</subfield>
    <subfield code="y">RN</subfield>
  </datafield>
  <datafield tag="952" ind1=" " ind2=" ">
    <subfield code="0">0</subfield>
    <subfield code="1">0</subfield>
    <subfield code="4">0</subfield>
    <subfield code="7">0</subfield>
    <subfield code="a">BCEJYS</subfield>
    <subfield code="b">BCEJYS</subfield>
    <subfield code="c">17</subfield>
    <subfield code="d">1978-01-01</subfield>
    <subfield code="h">Vol. 17, N&#xBA; 68 - ene./mar. 1978</subfield>
    <subfield code="l">0</subfield>
    <subfield code="o">H330.34 DES 68</subfield>
    <subfield code="p">R02896</subfield>
    <subfield code="r">2026-04-10 16:06:19</subfield>
    <subfield code="w">2026-04-10</subfield>
    <subfield code="y">RN</subfield>
  </datafield>
  <datafield tag="952" ind1=" " ind2=" ">
    <subfield code="0">0</subfield>
    <subfield code="1">0</subfield>
    <subfield code="4">0</subfield>
    <subfield code="7">0</subfield>
    <subfield code="a">BCEJYS</subfield>
    <subfield code="b">BCEJYS</subfield>
    <subfield code="c">17</subfield>
    <subfield code="d">1978-01-01</subfield>
    <subfield code="h">Vol. 17, N&#xBA; 68 - ene./mar. 1978</subfield>
    <subfield code="l">0</subfield>
    <subfield code="o">H330.34 DES 68 Ej.2</subfield>
    <subfield code="p">R05828</subfield>
    <subfield code="r">2026-04-10 16:06:19</subfield>
    <subfield code="w">2026-04-10</subfield>
    <subfield code="y">RN</subfield>
  </datafield>
  <datafield tag="952" ind1=" " ind2=" ">
    <subfield code="0">0</subfield>
    <subfield code="1">0</subfield>
    <subfield code="4">0</subfield>
    <subfield code="7">0</subfield>
    <subfield code="a">BCEJYS</subfield>
    <subfield code="b">BCEJYS</subfield>
    <subfield code="c">17</subfield>
    <subfield code="d">1978-01-01</subfield>
    <subfield code="h">Vol. 17, N&#xBA; 68 - ene./mar. 1978</subfield>
    <subfield code="l">0</subfield>
    <subfield code="o">H330.34 DES 68 Ej.3</subfield>
    <subfield code="p">R05829</subfield>
    <subfield code="r">2026-04-10 16:06:19</subfield>
    <subfield code="w">2026-04-10</subfield>
    <subfield code="y">RN</subfield>
  </datafield>
  <datafield tag="952" ind1=" " ind2=" ">
    <subfield code="0">0</subfield>
    <subfield code="1">0</subfield>
    <subfield code="4">0</subfield>
    <subfield code="7">0</subfield>
    <subfield code="a">BCEJYS</subfield>
    <subfield code="b">BCEJYS</subfield>
    <subfield code="c">17</subfield>
    <subfield code="d">1977-10-01</subfield>
    <subfield code="h">Vol. 17, N&#xBA; 67 - oct./dic. 1977</subfield>
    <subfield code="l">0</subfield>
    <subfield code="o">H330.34 DES 67</subfield>
    <subfield code="p">R02897</subfield>
    <subfield code="r">2026-04-10 16:06:19</subfield>
    <subfield code="w">2026-04-10</subfield>
    <subfield code="y">RN</subfield>
  </datafield>
  <datafield tag="952" ind1=" " ind2=" ">
    <subfield code="0">0</subfield>
    <subfield code="1">0</subfield>
    <subfield code="4">0</subfield>
    <subfield code="7">0</subfield>
    <subfield code="a">BCEJYS</subfield>
    <subfield code="b">BCEJYS</subfield>
    <subfield code="c">17</subfield>
    <subfield code="d">1977-10-01</subfield>
    <subfield code="h">Vol. 17, N&#xBA; 67 - oct./dic. 1977</subfield>
    <subfield code="l">0</subfield>
    <subfield code="o">H330.34 DES 67 Ej.2</subfield>
    <subfield code="p">R05827</subfield>
    <subfield code="r">2026-04-10 16:06:19</subfield>
    <subfield code="w">2026-04-10</subfield>
    <subfield code="y">RN</subfield>
  </datafield>
  <datafield tag="952" ind1=" " ind2=" ">
    <subfield code="0">0</subfield>
    <subfield code="1">0</subfield>
    <subfield code="4">0</subfield>
    <subfield code="7">0</subfield>
    <subfield code="a">BCEJYS</subfield>
    <subfield code="b">BCEJYS</subfield>
    <subfield code="c">17</subfield>
    <subfield code="d">1977-07-01</subfield>
    <subfield code="h">Vol. 17, N&#xBA; 66 - jul./sep. 1977</subfield>
    <subfield code="l">0</subfield>
    <subfield code="o">H330.34 DES 66</subfield>
    <subfield code="p">R02898</subfield>
    <subfield code="r">2026-04-10 16:06:19</subfield>
    <subfield code="w">2026-04-10</subfield>
    <subfield code="y">RN</subfield>
  </datafield>
  <datafield tag="952" ind1=" " ind2=" ">
    <subfield code="0">0</subfield>
    <subfield code="1">0</subfield>
    <subfield code="4">0</subfield>
    <subfield code="7">0</subfield>
    <subfield code="a">BCEJYS</subfield>
    <subfield code="b">BCEJYS</subfield>
    <subfield code="c">17</subfield>
    <subfield code="d">1977-07-01</subfield>
    <subfield code="h">Vol. 17, N&#xBA; 66 - jul./sep. 1977</subfield>
    <subfield code="l">0</subfield>
    <subfield code="o">H330.34 DES 66 Ej.2</subfield>
    <subfield code="p">R05826</subfield>
    <subfield code="r">2026-04-10 16:06:19</subfield>
    <subfield code="w">2026-04-10</subfield>
    <subfield code="y">RN</subfield>
  </datafield>
  <datafield tag="952" ind1=" " ind2=" ">
    <subfield code="0">0</subfield>
    <subfield code="1">0</subfield>
    <subfield code="4">0</subfield>
    <subfield code="7">0</subfield>
    <subfield code="a">BCEJYS</subfield>
    <subfield code="b">BCEJYS</subfield>
    <subfield code="c">17</subfield>
    <subfield code="d">1977-04-01</subfield>
    <subfield code="h">Vol. 17, N&#xBA; 65 - abr./jun. 1977</subfield>
    <subfield code="l">0</subfield>
    <subfield code="o">H330.34 DES 65</subfield>
    <subfield code="p">R02899</subfield>
    <subfield code="r">2026-04-10 16:06:19</subfield>
    <subfield code="w">2026-04-10</subfield>
    <subfield code="y">RN</subfield>
  </datafield>
  <datafield tag="952" ind1=" " ind2=" ">
    <subfield code="0">0</subfield>
    <subfield code="1">0</subfield>
    <subfield code="4">0</subfield>
    <subfield code="7">0</subfield>
    <subfield code="a">BCEJYS</subfield>
    <subfield code="b">BCEJYS</subfield>
    <subfield code="c">17</subfield>
    <subfield code="d">1977-04-01</subfield>
    <subfield code="h">Vol. 17, N&#xBA; 65 - abr./jun. 1977</subfield>
    <subfield code="l">0</subfield>
    <subfield code="o">H330.34 DES 65 Ej.2</subfield>
    <subfield code="p">R05825</subfield>
    <subfield code="r">2026-04-10 16:06:19</subfield>
    <subfield code="w">2026-04-10</subfield>
    <subfield code="y">RN</subfield>
  </datafield>
  <datafield tag="952" ind1=" " ind2=" ">
    <subfield code="0">0</subfield>
    <subfield code="1">0</subfield>
    <subfield code="4">0</subfield>
    <subfield code="7">0</subfield>
    <subfield code="a">BCEJYS</subfield>
    <subfield code="b">BCEJYS</subfield>
    <subfield code="c">17</subfield>
    <subfield code="d">1977-01-01</subfield>
    <subfield code="h">Vol. 16, N&#xBA; 64 - ene./mar. 1977</subfield>
    <subfield code="l">0</subfield>
    <subfield code="o">H330.34 DES 64</subfield>
    <subfield code="p">R02900</subfield>
    <subfield code="r">2026-04-10 16:06:19</subfield>
    <subfield code="w">2026-04-10</subfield>
    <subfield code="y">RN</subfield>
  </datafield>
  <datafield tag="952" ind1=" " ind2=" ">
    <subfield code="0">0</subfield>
    <subfield code="1">0</subfield>
    <subfield code="4">0</subfield>
    <subfield code="7">0</subfield>
    <subfield code="a">BCEJYS</subfield>
    <subfield code="b">BCEJYS</subfield>
    <subfield code="c">17</subfield>
    <subfield code="d">1977-01-01</subfield>
    <subfield code="h">Vol. 16, N&#xBA; 64 - ene./mar. 1977</subfield>
    <subfield code="l">0</subfield>
    <subfield code="o">H330.34 DES 64 Ej.2</subfield>
    <subfield code="p">R05824</subfield>
    <subfield code="r">2026-04-10 16:06:19</subfield>
    <subfield code="w">2026-04-10</subfield>
    <subfield code="y">RN</subfield>
  </datafield>
  <datafield tag="952" ind1=" " ind2=" ">
    <subfield code="0">0</subfield>
    <subfield code="1">0</subfield>
    <subfield code="4">0</subfield>
    <subfield code="7">0</subfield>
    <subfield code="a">BCEJYS</subfield>
    <subfield code="b">BCEJYS</subfield>
    <subfield code="c">17</subfield>
    <subfield code="d">1976-10-01</subfield>
    <subfield code="h">Vol. 16, N&#xBA; 63 - oct./dic. 1976</subfield>
    <subfield code="l">0</subfield>
    <subfield code="o">H330.34 DES 63</subfield>
    <subfield code="p">R02901</subfield>
    <subfield code="r">2026-04-10 16:06:19</subfield>
    <subfield code="w">2026-04-10</subfield>
    <subfield code="y">RN</subfield>
  </datafield>
  <datafield tag="952" ind1=" " ind2=" ">
    <subfield code="0">0</subfield>
    <subfield code="1">0</subfield>
    <subfield code="4">0</subfield>
    <subfield code="7">0</subfield>
    <subfield code="a">BCEJYS</subfield>
    <subfield code="b">BCEJYS</subfield>
    <subfield code="c">17</subfield>
    <subfield code="d">1976-10-01</subfield>
    <subfield code="h">Vol. 16, N&#xBA; 63 - oct./dic. 1976</subfield>
    <subfield code="l">0</subfield>
    <subfield code="o">H330.34 DES 63 Ej.2</subfield>
    <subfield code="p">R05823</subfield>
    <subfield code="r">2026-04-10 16:06:19</subfield>
    <subfield code="w">2026-04-10</subfield>
    <subfield code="y">RN</subfield>
  </datafield>
  <datafield tag="952" ind1=" " ind2=" ">
    <subfield code="0">0</subfield>
    <subfield code="1">0</subfield>
    <subfield code="4">0</subfield>
    <subfield code="7">0</subfield>
    <subfield code="a">BCEJYS</subfield>
    <subfield code="b">BCEJYS</subfield>
    <subfield code="c">17</subfield>
    <subfield code="d">1976-07-01</subfield>
    <subfield code="h">Vol. 16, N&#xBA; 62 - jul./sep. 1976</subfield>
    <subfield code="l">0</subfield>
    <subfield code="o">H330.34 DES 62</subfield>
    <subfield code="p">R02902</subfield>
    <subfield code="r">2026-04-10 16:06:19</subfield>
    <subfield code="w">2026-04-10</subfield>
    <subfield code="y">RN</subfield>
  </datafield>
  <datafield tag="952" ind1=" " ind2=" ">
    <subfield code="0">0</subfield>
    <subfield code="1">0</subfield>
    <subfield code="4">0</subfield>
    <subfield code="7">0</subfield>
    <subfield code="a">BCEJYS</subfield>
    <subfield code="b">BCEJYS</subfield>
    <subfield code="c">17</subfield>
    <subfield code="d">1976-07-01</subfield>
    <subfield code="h">Vol. 16, N&#xBA; 62 - jul./sep. 1976</subfield>
    <subfield code="l">0</subfield>
    <subfield code="o">H330.34 DES 62 Ej.2</subfield>
    <subfield code="p">R05822</subfield>
    <subfield code="r">2026-04-10 16:06:19</subfield>
    <subfield code="w">2026-04-10</subfield>
    <subfield code="y">RN</subfield>
  </datafield>
  <datafield tag="952" ind1=" " ind2=" ">
    <subfield code="0">0</subfield>
    <subfield code="1">0</subfield>
    <subfield code="4">0</subfield>
    <subfield code="7">0</subfield>
    <subfield code="a">BCEJYS</subfield>
    <subfield code="b">BCEJYS</subfield>
    <subfield code="c">17</subfield>
    <subfield code="d">1976-04-01</subfield>
    <subfield code="h">Vol. 16, N&#xBA; 61 - abr./jun. 1976</subfield>
    <subfield code="l">0</subfield>
    <subfield code="o">H330.34 DES 61</subfield>
    <subfield code="p">R02903</subfield>
    <subfield code="r">2026-04-10 16:06:19</subfield>
    <subfield code="w">2026-04-10</subfield>
    <subfield code="y">RN</subfield>
  </datafield>
  <datafield tag="952" ind1=" " ind2=" ">
    <subfield code="0">0</subfield>
    <subfield code="1">0</subfield>
    <subfield code="4">0</subfield>
    <subfield code="7">0</subfield>
    <subfield code="a">BCEJYS</subfield>
    <subfield code="b">BCEJYS</subfield>
    <subfield code="c">17</subfield>
    <subfield code="d">1976-04-01</subfield>
    <subfield code="h">Vol. 16, N&#xBA; 61 - abr./jun. 1976</subfield>
    <subfield code="l">0</subfield>
    <subfield code="o">H330.34 DES 61 Ej.2</subfield>
    <subfield code="p">R05821</subfield>
    <subfield code="r">2026-04-10 16:06:19</subfield>
    <subfield code="w">2026-04-10</subfield>
    <subfield code="y">RN</subfield>
  </datafield>
  <datafield tag="952" ind1=" " ind2=" ">
    <subfield code="0">0</subfield>
    <subfield code="1">0</subfield>
    <subfield code="4">0</subfield>
    <subfield code="7">0</subfield>
    <subfield code="a">BCEJYS</subfield>
    <subfield code="b">BCEJYS</subfield>
    <subfield code="c">17</subfield>
    <subfield code="d">1976-01-01</subfield>
    <subfield code="h">Vol. 15, N&#xBA; 60 - ene./mar. 1976</subfield>
    <subfield code="l">0</subfield>
    <subfield code="o">H330.34 DES 60</subfield>
    <subfield code="p">R02904</subfield>
    <subfield code="r">2026-04-10 16:06:19</subfield>
    <subfield code="w">2026-04-10</subfield>
    <subfield code="y">RN</subfield>
  </datafield>
  <datafield tag="952" ind1=" " ind2=" ">
    <subfield code="0">0</subfield>
    <subfield code="1">0</subfield>
    <subfield code="4">0</subfield>
    <subfield code="7">0</subfield>
    <subfield code="a">BCEJYS</subfield>
    <subfield code="b">BCEJYS</subfield>
    <subfield code="c">17</subfield>
    <subfield code="d">1975-10-01</subfield>
    <subfield code="h">Vol. 15, N&#xBA; 59 - oct./dic. 1975</subfield>
    <subfield code="l">0</subfield>
    <subfield code="o">H330.34 DES 59</subfield>
    <subfield code="p">R02905</subfield>
    <subfield code="r">2026-04-10 16:06:19</subfield>
    <subfield code="w">2026-04-10</subfield>
    <subfield code="y">RN</subfield>
  </datafield>
  <datafield tag="952" ind1=" " ind2=" ">
    <subfield code="0">0</subfield>
    <subfield code="1">0</subfield>
    <subfield code="4">0</subfield>
    <subfield code="7">0</subfield>
    <subfield code="a">BCEJYS</subfield>
    <subfield code="b">BCEJYS</subfield>
    <subfield code="c">17</subfield>
    <subfield code="d">1975-10-01</subfield>
    <subfield code="h">Vol. 15, N&#xBA; 59 - oct./dic. 1975</subfield>
    <subfield code="l">0</subfield>
    <subfield code="o">H330.34 DES 59 Ej.2</subfield>
    <subfield code="p">R05820</subfield>
    <subfield code="r">2026-04-10 16:06:19</subfield>
    <subfield code="w">2026-04-10</subfield>
    <subfield code="y">RN</subfield>
  </datafield>
  <datafield tag="952" ind1=" " ind2=" ">
    <subfield code="0">0</subfield>
    <subfield code="1">0</subfield>
    <subfield code="4">0</subfield>
    <subfield code="7">0</subfield>
    <subfield code="a">BCEJYS</subfield>
    <subfield code="b">BCEJYS</subfield>
    <subfield code="c">17</subfield>
    <subfield code="d">1975-07-01</subfield>
    <subfield code="h">Vol. 15, N&#xBA; 58 - jul./sep. 1975</subfield>
    <subfield code="l">0</subfield>
    <subfield code="o">H330.34 DES 58</subfield>
    <subfield code="p">R02906</subfield>
    <subfield code="r">2026-04-10 16:06:19</subfield>
    <subfield code="w">2026-04-10</subfield>
    <subfield code="y">RN</subfield>
  </datafield>
  <datafield tag="952" ind1=" " ind2=" ">
    <subfield code="0">0</subfield>
    <subfield code="1">0</subfield>
    <subfield code="4">0</subfield>
    <subfield code="7">0</subfield>
    <subfield code="a">BCEJYS</subfield>
    <subfield code="b">BCEJYS</subfield>
    <subfield code="c">17</subfield>
    <subfield code="d">1975-07-01</subfield>
    <subfield code="h">Vol. 15, N&#xBA; 58 - jul./sep. 1975</subfield>
    <subfield code="l">0</subfield>
    <subfield code="o">H330.34 DES 58 Ej.2</subfield>
    <subfield code="p">R05819</subfield>
    <subfield code="r">2026-04-10 16:06:19</subfield>
    <subfield code="w">2026-04-10</subfield>
    <subfield code="y">RN</subfield>
  </datafield>
  <datafield tag="952" ind1=" " ind2=" ">
    <subfield code="0">0</subfield>
    <subfield code="1">0</subfield>
    <subfield code="4">0</subfield>
    <subfield code="7">0</subfield>
    <subfield code="a">BCEJYS</subfield>
    <subfield code="b">BCEJYS</subfield>
    <subfield code="c">17</subfield>
    <subfield code="d">1975-04-01</subfield>
    <subfield code="h">Vol. 15, N&#xBA; 57 - abr./jun. 1975</subfield>
    <subfield code="l">0</subfield>
    <subfield code="o">H330.37 DES 57</subfield>
    <subfield code="p">R02907</subfield>
    <subfield code="r">2026-04-10 16:06:19</subfield>
    <subfield code="w">2026-04-10</subfield>
    <subfield code="y">RN</subfield>
  </datafield>
  <datafield tag="952" ind1=" " ind2=" ">
    <subfield code="0">0</subfield>
    <subfield code="1">0</subfield>
    <subfield code="4">0</subfield>
    <subfield code="7">0</subfield>
    <subfield code="a">BCEJYS</subfield>
    <subfield code="b">BCEJYS</subfield>
    <subfield code="c">17</subfield>
    <subfield code="d">1975-04-01</subfield>
    <subfield code="h">Vol. 15, N&#xBA; 57 - abr./jun. 1975</subfield>
    <subfield code="l">0</subfield>
    <subfield code="o">H330.34 DES 57 Ej.2</subfield>
    <subfield code="p">R05818</subfield>
    <subfield code="r">2026-04-10 16:06:19</subfield>
    <subfield code="w">2026-04-10</subfield>
    <subfield code="y">RN</subfield>
  </datafield>
  <datafield tag="952" ind1=" " ind2=" ">
    <subfield code="0">0</subfield>
    <subfield code="1">0</subfield>
    <subfield code="4">0</subfield>
    <subfield code="7">0</subfield>
    <subfield code="a">BCEJYS</subfield>
    <subfield code="b">BCEJYS</subfield>
    <subfield code="c">17</subfield>
    <subfield code="d">1975-01-01</subfield>
    <subfield code="h">Vol. 14, N&#xBA; 56 - ene./mar. 1975</subfield>
    <subfield code="l">0</subfield>
    <subfield code="o">H330.34 DES 56</subfield>
    <subfield code="p">R02908</subfield>
    <subfield code="r">2026-04-10 16:06:19</subfield>
    <subfield code="w">2026-04-10</subfield>
    <subfield code="y">RN</subfield>
  </datafield>
  <datafield tag="952" ind1=" " ind2=" ">
    <subfield code="0">0</subfield>
    <subfield code="1">0</subfield>
    <subfield code="4">0</subfield>
    <subfield code="7">0</subfield>
    <subfield code="a">BCEJYS</subfield>
    <subfield code="b">BCEJYS</subfield>
    <subfield code="c">17</subfield>
    <subfield code="d">1975-01-01</subfield>
    <subfield code="h">Vol. 14, N&#xBA; 56 - ene./mar. 1975</subfield>
    <subfield code="l">0</subfield>
    <subfield code="o">H330.34 DES 56 Ej.2</subfield>
    <subfield code="p">R05817</subfield>
    <subfield code="r">2026-04-10 16:06:19</subfield>
    <subfield code="w">2026-04-10</subfield>
    <subfield code="y">RN</subfield>
  </datafield>
  <datafield tag="952" ind1=" " ind2=" ">
    <subfield code="0">0</subfield>
    <subfield code="1">0</subfield>
    <subfield code="4">0</subfield>
    <subfield code="7">0</subfield>
    <subfield code="a">BCEJYS</subfield>
    <subfield code="b">BCEJYS</subfield>
    <subfield code="c">17</subfield>
    <subfield code="d">1974-10-01</subfield>
    <subfield code="h">Vol. 14, N&#xBA; 55 - oct./dic. 1974</subfield>
    <subfield code="l">0</subfield>
    <subfield code="o">H330.34 DES 55</subfield>
    <subfield code="p">R02909</subfield>
    <subfield code="r">2026-04-10 16:06:19</subfield>
    <subfield code="w">2026-04-10</subfield>
    <subfield code="y">RN</subfield>
  </datafield>
  <datafield tag="952" ind1=" " ind2=" ">
    <subfield code="0">0</subfield>
    <subfield code="1">0</subfield>
    <subfield code="4">0</subfield>
    <subfield code="7">0</subfield>
    <subfield code="a">BCEJYS</subfield>
    <subfield code="b">BCEJYS</subfield>
    <subfield code="c">17</subfield>
    <subfield code="d">1974-10-01</subfield>
    <subfield code="h">Vol. 14, N&#xBA; 55 - oct./dic. 1974</subfield>
    <subfield code="l">0</subfield>
    <subfield code="o">H330.34 DES 55 Ej.2</subfield>
    <subfield code="p">R05816</subfield>
    <subfield code="r">2026-04-10 16:06:19</subfield>
    <subfield code="w">2026-04-10</subfield>
    <subfield code="y">RN</subfield>
  </datafield>
  <datafield tag="952" ind1=" " ind2=" ">
    <subfield code="0">0</subfield>
    <subfield code="1">0</subfield>
    <subfield code="4">0</subfield>
    <subfield code="7">0</subfield>
    <subfield code="a">BCEJYS</subfield>
    <subfield code="b">BCEJYS</subfield>
    <subfield code="c">17</subfield>
    <subfield code="d">1974-07-01</subfield>
    <subfield code="h">Vol. 14, N&#xBA; 54 - jul./sep. 1974</subfield>
    <subfield code="l">0</subfield>
    <subfield code="o">H330.34 DES 54</subfield>
    <subfield code="p">R02910</subfield>
    <subfield code="r">2026-04-10 16:06:19</subfield>
    <subfield code="w">2026-04-10</subfield>
    <subfield code="y">RN</subfield>
  </datafield>
  <datafield tag="952" ind1=" " ind2=" ">
    <subfield code="0">0</subfield>
    <subfield code="1">0</subfield>
    <subfield code="4">0</subfield>
    <subfield code="7">0</subfield>
    <subfield code="a">BCEJYS</subfield>
    <subfield code="b">BCEJYS</subfield>
    <subfield code="c">17</subfield>
    <subfield code="d">1974-07-01</subfield>
    <subfield code="h">Vol. 14, N&#xBA; 54 - jul./sep. 1974</subfield>
    <subfield code="l">0</subfield>
    <subfield code="o">H330.34 DES 54 Ej.2</subfield>
    <subfield code="p">R05815</subfield>
    <subfield code="r">2026-04-10 16:06:19</subfield>
    <subfield code="w">2026-04-10</subfield>
    <subfield code="y">RN</subfield>
  </datafield>
  <datafield tag="952" ind1=" " ind2=" ">
    <subfield code="0">0</subfield>
    <subfield code="1">0</subfield>
    <subfield code="4">0</subfield>
    <subfield code="7">0</subfield>
    <subfield code="a">BCEJYS</subfield>
    <subfield code="b">BCEJYS</subfield>
    <subfield code="c">17</subfield>
    <subfield code="d">1974-04-01</subfield>
    <subfield code="h">Vol. 14, N&#xBA; 53 - abr./jun. 1974</subfield>
    <subfield code="l">0</subfield>
    <subfield code="o">H330.34 DES 53</subfield>
    <subfield code="p">R02911</subfield>
    <subfield code="r">2026-04-10 16:06:19</subfield>
    <subfield code="w">2026-04-10</subfield>
    <subfield code="y">RN</subfield>
  </datafield>
  <datafield tag="952" ind1=" " ind2=" ">
    <subfield code="0">0</subfield>
    <subfield code="1">0</subfield>
    <subfield code="4">0</subfield>
    <subfield code="7">0</subfield>
    <subfield code="a">BCEJYS</subfield>
    <subfield code="b">BCEJYS</subfield>
    <subfield code="c">17</subfield>
    <subfield code="d">1974-04-01</subfield>
    <subfield code="h">Vol. 14, N&#xBA; 53 - abr./jun. 1974</subfield>
    <subfield code="l">0</subfield>
    <subfield code="o">H330.34 DES 53 Ej.2</subfield>
    <subfield code="p">R05814</subfield>
    <subfield code="r">2026-04-10 16:06:19</subfield>
    <subfield code="w">2026-04-10</subfield>
    <subfield code="y">RN</subfield>
  </datafield>
  <datafield tag="952" ind1=" " ind2=" ">
    <subfield code="0">0</subfield>
    <subfield code="1">0</subfield>
    <subfield code="4">0</subfield>
    <subfield code="7">0</subfield>
    <subfield code="a">BCEJYS</subfield>
    <subfield code="b">BCEJYS</subfield>
    <subfield code="c">17</subfield>
    <subfield code="d">1974-01-01</subfield>
    <subfield code="h">Vol. 13, N&#xBA; 52 - ene./mar. 1974</subfield>
    <subfield code="l">0</subfield>
    <subfield code="o">H330.34 DES 52</subfield>
    <subfield code="p">R02912</subfield>
    <subfield code="r">2026-04-10 16:06:19</subfield>
    <subfield code="w">2026-04-10</subfield>
    <subfield code="y">RN</subfield>
  </datafield>
  <datafield tag="952" ind1=" " ind2=" ">
    <subfield code="0">0</subfield>
    <subfield code="1">0</subfield>
    <subfield code="4">0</subfield>
    <subfield code="7">0</subfield>
    <subfield code="a">BCEJYS</subfield>
    <subfield code="b">BCEJYS</subfield>
    <subfield code="c">17</subfield>
    <subfield code="d">1974-01-01</subfield>
    <subfield code="h">Vol. 13, N&#xBA; 52 - ene./mar. 1974</subfield>
    <subfield code="l">0</subfield>
    <subfield code="o">H330.34 DES 52 Ej.2</subfield>
    <subfield code="p">R05813</subfield>
    <subfield code="r">2026-04-10 16:06:19</subfield>
    <subfield code="w">2026-04-10</subfield>
    <subfield code="y">RN</subfield>
  </datafield>
  <datafield tag="952" ind1=" " ind2=" ">
    <subfield code="0">0</subfield>
    <subfield code="1">0</subfield>
    <subfield code="4">0</subfield>
    <subfield code="7">0</subfield>
    <subfield code="a">BCEJYS</subfield>
    <subfield code="b">BCEJYS</subfield>
    <subfield code="c">17</subfield>
    <subfield code="d">1973-10-01</subfield>
    <subfield code="h">Vol. 13, N&#xBA; 51 - oct./dic. 1973</subfield>
    <subfield code="l">0</subfield>
    <subfield code="o">H330.34 DES 51</subfield>
    <subfield code="p">R02913</subfield>
    <subfield code="r">2026-04-10 16:06:19</subfield>
    <subfield code="w">2026-04-10</subfield>
    <subfield code="y">RN</subfield>
  </datafield>
  <datafield tag="952" ind1=" " ind2=" ">
    <subfield code="0">0</subfield>
    <subfield code="1">0</subfield>
    <subfield code="4">0</subfield>
    <subfield code="7">0</subfield>
    <subfield code="a">BCEJYS</subfield>
    <subfield code="b">BCEJYS</subfield>
    <subfield code="c">17</subfield>
    <subfield code="d">1973-10-01</subfield>
    <subfield code="h">Vol. 13, N&#xBA; 51 - oct./dic. 1973</subfield>
    <subfield code="l">0</subfield>
    <subfield code="o">H330.34 DES 51 Ej.2</subfield>
    <subfield code="p">R05812</subfield>
    <subfield code="r">2026-04-10 16:06:19</subfield>
    <subfield code="w">2026-04-10</subfield>
    <subfield code="y">RN</subfield>
  </datafield>
  <datafield tag="952" ind1=" " ind2=" ">
    <subfield code="0">0</subfield>
    <subfield code="1">0</subfield>
    <subfield code="4">0</subfield>
    <subfield code="7">0</subfield>
    <subfield code="a">BCEJYS</subfield>
    <subfield code="b">BCEJYS</subfield>
    <subfield code="c">17</subfield>
    <subfield code="d">1973-07-01</subfield>
    <subfield code="h">Vol. 13, N&#xBA; 50 - jul./sep. 1973</subfield>
    <subfield code="l">0</subfield>
    <subfield code="o">H330.34 DES 50</subfield>
    <subfield code="p">R02914</subfield>
    <subfield code="r">2026-04-10 16:06:19</subfield>
    <subfield code="w">2026-04-10</subfield>
    <subfield code="y">RN</subfield>
  </datafield>
  <datafield tag="952" ind1=" " ind2=" ">
    <subfield code="0">0</subfield>
    <subfield code="1">0</subfield>
    <subfield code="4">0</subfield>
    <subfield code="7">0</subfield>
    <subfield code="a">BCEJYS</subfield>
    <subfield code="b">BCEJYS</subfield>
    <subfield code="c">17</subfield>
    <subfield code="d">1973-07-01</subfield>
    <subfield code="h">Vol. 13, N&#xBA; 50 - jul./sep. 1973</subfield>
    <subfield code="l">0</subfield>
    <subfield code="o">H330.34 DES 50 Ej.2</subfield>
    <subfield code="p">R05811</subfield>
    <subfield code="r">2026-04-10 16:06:19</subfield>
    <subfield code="w">2026-04-10</subfield>
    <subfield code="y">RN</subfield>
  </datafield>
  <datafield tag="952" ind1=" " ind2=" ">
    <subfield code="0">0</subfield>
    <subfield code="1">0</subfield>
    <subfield code="4">0</subfield>
    <subfield code="7">0</subfield>
    <subfield code="a">BCEJYS</subfield>
    <subfield code="b">BCEJYS</subfield>
    <subfield code="c">17</subfield>
    <subfield code="d">1973-04-01</subfield>
    <subfield code="h">Vol. 13, N&#xBA; 49 - abr./jun. 1973</subfield>
    <subfield code="l">0</subfield>
    <subfield code="o">H330.34 DES 49</subfield>
    <subfield code="p">R02915</subfield>
    <subfield code="r">2026-04-10 16:06:19</subfield>
    <subfield code="w">2026-04-10</subfield>
    <subfield code="y">RN</subfield>
  </datafield>
  <datafield tag="952" ind1=" " ind2=" ">
    <subfield code="0">0</subfield>
    <subfield code="1">0</subfield>
    <subfield code="4">0</subfield>
    <subfield code="7">0</subfield>
    <subfield code="a">BCEJYS</subfield>
    <subfield code="b">BCEJYS</subfield>
    <subfield code="c">17</subfield>
    <subfield code="d">1973-04-01</subfield>
    <subfield code="h">Vol. 13, N&#xBA; 49 - abr./jun. 1973</subfield>
    <subfield code="l">0</subfield>
    <subfield code="o">H330.34 DES 49 Ej.2</subfield>
    <subfield code="p">R05810</subfield>
    <subfield code="r">2026-04-10 16:06:19</subfield>
    <subfield code="w">2026-04-10</subfield>
    <subfield code="y">RN</subfield>
  </datafield>
  <datafield tag="952" ind1=" " ind2=" ">
    <subfield code="0">0</subfield>
    <subfield code="1">0</subfield>
    <subfield code="4">0</subfield>
    <subfield code="7">0</subfield>
    <subfield code="a">BCEJYS</subfield>
    <subfield code="b">BCEJYS</subfield>
    <subfield code="c">17</subfield>
    <subfield code="d">1973-01-01</subfield>
    <subfield code="h">Vol. 12, N&#xBA; 48 - ene./mar. 1973</subfield>
    <subfield code="l">0</subfield>
    <subfield code="o">H330.34 DES 48</subfield>
    <subfield code="p">R02916</subfield>
    <subfield code="r">2026-04-10 16:06:19</subfield>
    <subfield code="w">2026-04-10</subfield>
    <subfield code="y">RN</subfield>
  </datafield>
  <datafield tag="952" ind1=" " ind2=" ">
    <subfield code="0">0</subfield>
    <subfield code="1">0</subfield>
    <subfield code="4">0</subfield>
    <subfield code="7">0</subfield>
    <subfield code="a">BCEJYS</subfield>
    <subfield code="b">BCEJYS</subfield>
    <subfield code="c">17</subfield>
    <subfield code="d">1973-01-01</subfield>
    <subfield code="h">Vol. 12, N&#xBA; 48 - ene./mar. 1973</subfield>
    <subfield code="l">0</subfield>
    <subfield code="o">H330.34 DES 48 Ej.2</subfield>
    <subfield code="p">R05809</subfield>
    <subfield code="r">2026-04-10 16:06:19</subfield>
    <subfield code="w">2026-04-10</subfield>
    <subfield code="y">RN</subfield>
  </datafield>
  <datafield tag="952" ind1=" " ind2=" ">
    <subfield code="0">0</subfield>
    <subfield code="1">0</subfield>
    <subfield code="4">0</subfield>
    <subfield code="7">0</subfield>
    <subfield code="a">BCEJYS</subfield>
    <subfield code="b">BCEJYS</subfield>
    <subfield code="c">17</subfield>
    <subfield code="d">1972-10-01</subfield>
    <subfield code="h">Vol. 12, N&#xBA; 47 - oct./dic. 1972</subfield>
    <subfield code="l">0</subfield>
    <subfield code="o">H330.34 DES 47</subfield>
    <subfield code="p">R02917</subfield>
    <subfield code="r">2026-04-10 16:06:20</subfield>
    <subfield code="w">2026-04-10</subfield>
    <subfield code="y">RN</subfield>
  </datafield>
  <datafield tag="952" ind1=" " ind2=" ">
    <subfield code="0">0</subfield>
    <subfield code="1">0</subfield>
    <subfield code="4">0</subfield>
    <subfield code="7">0</subfield>
    <subfield code="a">BCEJYS</subfield>
    <subfield code="b">BCEJYS</subfield>
    <subfield code="c">17</subfield>
    <subfield code="d">1972-10-01</subfield>
    <subfield code="h">Vol. 12, N&#xBA; 47 - oct./dic. 1972</subfield>
    <subfield code="l">0</subfield>
    <subfield code="o">H330.34 DES 47 Ej.2</subfield>
    <subfield code="p">R05808</subfield>
    <subfield code="r">2026-04-10 16:06:20</subfield>
    <subfield code="w">2026-04-10</subfield>
    <subfield code="y">RN</subfield>
  </datafield>
  <datafield tag="952" ind1=" " ind2=" ">
    <subfield code="0">0</subfield>
    <subfield code="1">0</subfield>
    <subfield code="4">0</subfield>
    <subfield code="7">0</subfield>
    <subfield code="a">BCEJYS</subfield>
    <subfield code="b">BCEJYS</subfield>
    <subfield code="c">17</subfield>
    <subfield code="d">1972-07-01</subfield>
    <subfield code="h">Vol. 12, N&#xBA; 46 - jul./sep. 1972</subfield>
    <subfield code="l">0</subfield>
    <subfield code="o">H330.34 DES 46</subfield>
    <subfield code="p">R02918</subfield>
    <subfield code="r">2026-04-10 16:06:20</subfield>
    <subfield code="w">2026-04-10</subfield>
    <subfield code="y">RN</subfield>
  </datafield>
  <datafield tag="952" ind1=" " ind2=" ">
    <subfield code="0">0</subfield>
    <subfield code="1">0</subfield>
    <subfield code="4">0</subfield>
    <subfield code="7">0</subfield>
    <subfield code="a">BCEJYS</subfield>
    <subfield code="b">BCEJYS</subfield>
    <subfield code="c">17</subfield>
    <subfield code="d">1972-07-01</subfield>
    <subfield code="h">Vol. 12, N&#xBA; 46 - jul./sep. 1972</subfield>
    <subfield code="l">0</subfield>
    <subfield code="o">H330.34 DES 46 Ej.2</subfield>
    <subfield code="p">R05807</subfield>
    <subfield code="r">2026-04-10 16:06:20</subfield>
    <subfield code="w">2026-04-10</subfield>
    <subfield code="y">RN</subfield>
  </datafield>
  <datafield tag="952" ind1=" " ind2=" ">
    <subfield code="0">0</subfield>
    <subfield code="1">0</subfield>
    <subfield code="4">0</subfield>
    <subfield code="7">0</subfield>
    <subfield code="a">BCEJYS</subfield>
    <subfield code="b">BCEJYS</subfield>
    <subfield code="c">17</subfield>
    <subfield code="d">1972-04-01</subfield>
    <subfield code="h">Vol. 12, N&#xBA; 45 - abr./jun. 1972</subfield>
    <subfield code="l">0</subfield>
    <subfield code="o">H330.34 DES 45</subfield>
    <subfield code="p">R02919</subfield>
    <subfield code="r">2026-04-10 16:06:20</subfield>
    <subfield code="w">2026-04-10</subfield>
    <subfield code="y">RN</subfield>
  </datafield>
  <datafield tag="952" ind1=" " ind2=" ">
    <subfield code="0">0</subfield>
    <subfield code="1">0</subfield>
    <subfield code="4">0</subfield>
    <subfield code="7">0</subfield>
    <subfield code="a">BCEJYS</subfield>
    <subfield code="b">BCEJYS</subfield>
    <subfield code="c">17</subfield>
    <subfield code="d">1972-04-01</subfield>
    <subfield code="h">Vol. 12, N&#xBA; 45 - abr./jun. 1972</subfield>
    <subfield code="l">0</subfield>
    <subfield code="o">H330.34 DES 45 Ej.2</subfield>
    <subfield code="p">R05806</subfield>
    <subfield code="r">2026-04-10 16:06:20</subfield>
    <subfield code="w">2026-04-10</subfield>
    <subfield code="y">RN</subfield>
  </datafield>
  <datafield tag="952" ind1=" " ind2=" ">
    <subfield code="0">0</subfield>
    <subfield code="1">0</subfield>
    <subfield code="4">0</subfield>
    <subfield code="7">0</subfield>
    <subfield code="a">BCEJYS</subfield>
    <subfield code="b">BCEJYS</subfield>
    <subfield code="c">17</subfield>
    <subfield code="d">1971-07-01</subfield>
    <subfield code="h">Vol. 11, N&#xBA; 42/44 - jul. 1971 / mar. 1972</subfield>
    <subfield code="l">0</subfield>
    <subfield code="o">H330.34 DES 42/44</subfield>
    <subfield code="p">R02920</subfield>
    <subfield code="r">2026-04-10 16:06:20</subfield>
    <subfield code="w">2026-04-10</subfield>
    <subfield code="y">RN</subfield>
  </datafield>
  <datafield tag="952" ind1=" " ind2=" ">
    <subfield code="0">0</subfield>
    <subfield code="1">0</subfield>
    <subfield code="4">0</subfield>
    <subfield code="7">0</subfield>
    <subfield code="a">BCEJYS</subfield>
    <subfield code="b">BCEJYS</subfield>
    <subfield code="c">17</subfield>
    <subfield code="d">1971-07-01</subfield>
    <subfield code="h">Vol. 11, N&#xBA; 42/44 - jul. 1971 / mar. 1972</subfield>
    <subfield code="l">0</subfield>
    <subfield code="o">H330.34 DES 42/44 Ej.2</subfield>
    <subfield code="p">R05805</subfield>
    <subfield code="r">2026-04-10 16:06:20</subfield>
    <subfield code="w">2026-04-10</subfield>
    <subfield code="y">RN</subfield>
  </datafield>
  <datafield tag="952" ind1=" " ind2=" ">
    <subfield code="0">0</subfield>
    <subfield code="1">0</subfield>
    <subfield code="4">0</subfield>
    <subfield code="7">0</subfield>
    <subfield code="a">BCEJYS</subfield>
    <subfield code="b">BCEJYS</subfield>
    <subfield code="c">17</subfield>
    <subfield code="d">1971-04-01</subfield>
    <subfield code="h">Vol. 11, N&#xBA; 41 - abr./jun. 1971</subfield>
    <subfield code="l">0</subfield>
    <subfield code="o">H330.34 DES 41</subfield>
    <subfield code="p">R02921</subfield>
    <subfield code="r">2026-04-10 16:06:20</subfield>
    <subfield code="w">2026-04-10</subfield>
    <subfield code="y">RN</subfield>
  </datafield>
  <datafield tag="952" ind1=" " ind2=" ">
    <subfield code="0">0</subfield>
    <subfield code="1">0</subfield>
    <subfield code="4">0</subfield>
    <subfield code="7">0</subfield>
    <subfield code="a">BCEJYS</subfield>
    <subfield code="b">BCEJYS</subfield>
    <subfield code="c">17</subfield>
    <subfield code="d">1971-01-01</subfield>
    <subfield code="h">Vol. 10, N&#xBA; 39/40 - ene./mar. 1971</subfield>
    <subfield code="l">0</subfield>
    <subfield code="o">H330.34 DES 39/40</subfield>
    <subfield code="p">R02922</subfield>
    <subfield code="r">2026-04-10 16:06:20</subfield>
    <subfield code="w">2026-04-10</subfield>
    <subfield code="y">RN</subfield>
  </datafield>
  <datafield tag="952" ind1=" " ind2=" ">
    <subfield code="0">0</subfield>
    <subfield code="1">0</subfield>
    <subfield code="4">0</subfield>
    <subfield code="7">0</subfield>
    <subfield code="a">BCEJYS</subfield>
    <subfield code="b">BCEJYS</subfield>
    <subfield code="c">17</subfield>
    <subfield code="d">1971-01-01</subfield>
    <subfield code="h">Vol. 10, N&#xBA; 39/40 - ene./mar. 1971</subfield>
    <subfield code="l">0</subfield>
    <subfield code="o">H330.34 DES 39/40 Ej.2</subfield>
    <subfield code="p">R05804</subfield>
    <subfield code="r">2026-04-10 16:06:20</subfield>
    <subfield code="w">2026-04-10</subfield>
    <subfield code="y">RN</subfield>
  </datafield>
  <datafield tag="952" ind1=" " ind2=" ">
    <subfield code="0">0</subfield>
    <subfield code="1">0</subfield>
    <subfield code="4">0</subfield>
    <subfield code="7">0</subfield>
    <subfield code="a">BCEJYS</subfield>
    <subfield code="b">BCEJYS</subfield>
    <subfield code="c">17</subfield>
    <subfield code="d">1970-07-01</subfield>
    <subfield code="h">Vol. 10, N&#xBA; 38 - jul./sep. 1970</subfield>
    <subfield code="l">0</subfield>
    <subfield code="o">H330.34 DES 38</subfield>
    <subfield code="p">R02923</subfield>
    <subfield code="r">2026-04-10 16:06:20</subfield>
    <subfield code="w">2026-04-10</subfield>
    <subfield code="y">RN</subfield>
  </datafield>
  <datafield tag="952" ind1=" " ind2=" ">
    <subfield code="0">0</subfield>
    <subfield code="1">0</subfield>
    <subfield code="4">0</subfield>
    <subfield code="7">0</subfield>
    <subfield code="a">BCEJYS</subfield>
    <subfield code="b">BCEJYS</subfield>
    <subfield code="c">17</subfield>
    <subfield code="d">1970-07-01</subfield>
    <subfield code="h">Vol. 10, N&#xBA; 38 - jul./sep. 1970</subfield>
    <subfield code="l">0</subfield>
    <subfield code="o">H330.34 DES 38 Ej.2</subfield>
    <subfield code="p">R05803</subfield>
    <subfield code="r">2026-04-10 16:06:20</subfield>
    <subfield code="w">2026-04-10</subfield>
    <subfield code="y">RN</subfield>
  </datafield>
  <datafield tag="952" ind1=" " ind2=" ">
    <subfield code="0">0</subfield>
    <subfield code="1">0</subfield>
    <subfield code="4">0</subfield>
    <subfield code="7">0</subfield>
    <subfield code="a">BCEJYS</subfield>
    <subfield code="b">BCEJYS</subfield>
    <subfield code="c">17</subfield>
    <subfield code="d">1970-04-01</subfield>
    <subfield code="h">Vol. 10, N&#xBA; 37 - abr./jun. 1970</subfield>
    <subfield code="l">0</subfield>
    <subfield code="o">H330.34 DES 37</subfield>
    <subfield code="p">R02924</subfield>
    <subfield code="r">2026-04-10 16:06:20</subfield>
    <subfield code="w">2026-04-10</subfield>
    <subfield code="y">RN</subfield>
  </datafield>
  <datafield tag="952" ind1=" " ind2=" ">
    <subfield code="0">0</subfield>
    <subfield code="1">0</subfield>
    <subfield code="4">0</subfield>
    <subfield code="7">0</subfield>
    <subfield code="a">BCEJYS</subfield>
    <subfield code="b">BCEJYS</subfield>
    <subfield code="c">17</subfield>
    <subfield code="d">1970-04-01</subfield>
    <subfield code="h">Vol. 10, N&#xBA; 37 - abr./jun. 1970</subfield>
    <subfield code="l">0</subfield>
    <subfield code="o">H330.34 DES 37 Ej.2</subfield>
    <subfield code="p">R05802</subfield>
    <subfield code="r">2026-04-10 16:06:20</subfield>
    <subfield code="w">2026-04-10</subfield>
    <subfield code="y">RN</subfield>
  </datafield>
  <datafield tag="952" ind1=" " ind2=" ">
    <subfield code="0">0</subfield>
    <subfield code="1">0</subfield>
    <subfield code="4">0</subfield>
    <subfield code="7">0</subfield>
    <subfield code="a">BCEJYS</subfield>
    <subfield code="b">BCEJYS</subfield>
    <subfield code="c">17</subfield>
    <subfield code="d">1970-01-01</subfield>
    <subfield code="h">Vol. 9, N&#xBA; 36 - ene./mar. 1970</subfield>
    <subfield code="l">0</subfield>
    <subfield code="o">H330.34 DES 36</subfield>
    <subfield code="p">R02925</subfield>
    <subfield code="r">2026-04-10 16:06:20</subfield>
    <subfield code="w">2026-04-10</subfield>
    <subfield code="y">RN</subfield>
  </datafield>
  <datafield tag="952" ind1=" " ind2=" ">
    <subfield code="0">0</subfield>
    <subfield code="1">0</subfield>
    <subfield code="4">0</subfield>
    <subfield code="7">0</subfield>
    <subfield code="a">BCEJYS</subfield>
    <subfield code="b">BCEJYS</subfield>
    <subfield code="c">17</subfield>
    <subfield code="d">1970-01-01</subfield>
    <subfield code="h">Vol. 9, N&#xBA; 36 - ene./mar. 1970</subfield>
    <subfield code="l">0</subfield>
    <subfield code="o">H330.34 DES 36 Ej.2</subfield>
    <subfield code="p">R05801</subfield>
    <subfield code="r">2026-04-10 16:06:20</subfield>
    <subfield code="w">2026-04-10</subfield>
    <subfield code="y">RN</subfield>
  </datafield>
  <datafield tag="952" ind1=" " ind2=" ">
    <subfield code="0">0</subfield>
    <subfield code="1">0</subfield>
    <subfield code="4">0</subfield>
    <subfield code="7">0</subfield>
    <subfield code="a">BCEJYS</subfield>
    <subfield code="b">BCEJYS</subfield>
    <subfield code="c">17</subfield>
    <subfield code="d">1969-10-01</subfield>
    <subfield code="h">Vol. 9, N&#xBA; 35 - oct./dic. 1969</subfield>
    <subfield code="l">0</subfield>
    <subfield code="o">H330.34 DES 35</subfield>
    <subfield code="p">R02926</subfield>
    <subfield code="r">2026-04-10 16:06:20</subfield>
    <subfield code="w">2026-04-10</subfield>
    <subfield code="y">RN</subfield>
  </datafield>
  <datafield tag="952" ind1=" " ind2=" ">
    <subfield code="0">0</subfield>
    <subfield code="1">0</subfield>
    <subfield code="4">0</subfield>
    <subfield code="7">0</subfield>
    <subfield code="a">BCEJYS</subfield>
    <subfield code="b">BCEJYS</subfield>
    <subfield code="c">17</subfield>
    <subfield code="d">1969-10-01</subfield>
    <subfield code="h">Vol. 9, N&#xBA; 35 - oct./dic. 1969</subfield>
    <subfield code="l">0</subfield>
    <subfield code="o">H330.34 DES 35 Ej.2</subfield>
    <subfield code="p">R05800</subfield>
    <subfield code="r">2026-04-10 16:06:20</subfield>
    <subfield code="w">2026-04-10</subfield>
    <subfield code="y">RN</subfield>
  </datafield>
  <datafield tag="952" ind1=" " ind2=" ">
    <subfield code="0">0</subfield>
    <subfield code="1">0</subfield>
    <subfield code="4">0</subfield>
    <subfield code="7">0</subfield>
    <subfield code="a">BCEJYS</subfield>
    <subfield code="b">BCEJYS</subfield>
    <subfield code="c">17</subfield>
    <subfield code="d">1969-07-01</subfield>
    <subfield code="h">Vol. 9, N&#xBA; 34 - jul./sep. 1969</subfield>
    <subfield code="l">0</subfield>
    <subfield code="o">H330.34 DES 34</subfield>
    <subfield code="p">R02927</subfield>
    <subfield code="r">2026-04-10 16:06:20</subfield>
    <subfield code="w">2026-04-10</subfield>
    <subfield code="y">RN</subfield>
  </datafield>
  <datafield tag="952" ind1=" " ind2=" ">
    <subfield code="0">0</subfield>
    <subfield code="1">0</subfield>
    <subfield code="4">0</subfield>
    <subfield code="7">0</subfield>
    <subfield code="a">BCEJYS</subfield>
    <subfield code="b">BCEJYS</subfield>
    <subfield code="c">17</subfield>
    <subfield code="d">1969-07-01</subfield>
    <subfield code="h">Vol. 9, N&#xBA; 34 - jul./sep. 1969</subfield>
    <subfield code="l">0</subfield>
    <subfield code="o">H330.34 DES 34 Ej.2</subfield>
    <subfield code="p">R05799</subfield>
    <subfield code="r">2026-04-10 16:06:20</subfield>
    <subfield code="w">2026-04-10</subfield>
    <subfield code="y">RN</subfield>
  </datafield>
  <datafield tag="952" ind1=" " ind2=" ">
    <subfield code="0">0</subfield>
    <subfield code="1">0</subfield>
    <subfield code="4">0</subfield>
    <subfield code="7">0</subfield>
    <subfield code="a">BCEJYS</subfield>
    <subfield code="b">BCEJYS</subfield>
    <subfield code="c">17</subfield>
    <subfield code="d">1969-04-01</subfield>
    <subfield code="h">Vol. 9, N&#xBA; 33 - abr./jun. 1969</subfield>
    <subfield code="l">0</subfield>
    <subfield code="o">H330.34 DES 33</subfield>
    <subfield code="p">R02928</subfield>
    <subfield code="r">2026-04-10 16:06:20</subfield>
    <subfield code="w">2026-04-10</subfield>
    <subfield code="y">RN</subfield>
  </datafield>
  <datafield tag="952" ind1=" " ind2=" ">
    <subfield code="0">0</subfield>
    <subfield code="1">0</subfield>
    <subfield code="4">0</subfield>
    <subfield code="7">0</subfield>
    <subfield code="a">BCEJYS</subfield>
    <subfield code="b">BCEJYS</subfield>
    <subfield code="c">17</subfield>
    <subfield code="d">1969-04-01</subfield>
    <subfield code="h">Vol. 9, N&#xBA; 33 - abr./jun. 1969</subfield>
    <subfield code="l">0</subfield>
    <subfield code="o">H330.34 DES 33 Ej.2</subfield>
    <subfield code="p">R05798</subfield>
    <subfield code="r">2026-04-10 16:06:20</subfield>
    <subfield code="w">2026-04-10</subfield>
    <subfield code="y">RN</subfield>
  </datafield>
  <datafield tag="952" ind1=" " ind2=" ">
    <subfield code="0">0</subfield>
    <subfield code="1">0</subfield>
    <subfield code="4">0</subfield>
    <subfield code="7">0</subfield>
    <subfield code="a">BCEJYS</subfield>
    <subfield code="b">BCEJYS</subfield>
    <subfield code="c">17</subfield>
    <subfield code="d">1969-01-01</subfield>
    <subfield code="h">Vol. 8, N&#xBA; 32 - ene./mar. 1969</subfield>
    <subfield code="l">0</subfield>
    <subfield code="o">H330.34 DES 32</subfield>
    <subfield code="p">R02929</subfield>
    <subfield code="r">2026-04-10 16:06:20</subfield>
    <subfield code="w">2026-04-10</subfield>
    <subfield code="y">RN</subfield>
  </datafield>
  <datafield tag="952" ind1=" " ind2=" ">
    <subfield code="0">0</subfield>
    <subfield code="1">0</subfield>
    <subfield code="4">0</subfield>
    <subfield code="7">0</subfield>
    <subfield code="a">BCEJYS</subfield>
    <subfield code="b">BCEJYS</subfield>
    <subfield code="c">17</subfield>
    <subfield code="d">1969-01-01</subfield>
    <subfield code="h">Vol. 8, N&#xBA; 32 - ene./mar. 1969</subfield>
    <subfield code="l">0</subfield>
    <subfield code="o">H330.34 DES 32 Ej.2</subfield>
    <subfield code="p">R05797</subfield>
    <subfield code="r">2026-04-10 16:06:20</subfield>
    <subfield code="w">2026-04-10</subfield>
    <subfield code="y">RN</subfield>
  </datafield>
  <datafield tag="952" ind1=" " ind2=" ">
    <subfield code="0">0</subfield>
    <subfield code="1">0</subfield>
    <subfield code="4">0</subfield>
    <subfield code="7">0</subfield>
    <subfield code="a">BCEJYS</subfield>
    <subfield code="b">BCEJYS</subfield>
    <subfield code="c">17</subfield>
    <subfield code="d">1968-07-01</subfield>
    <subfield code="h">Vol. 8, N&#xBA; 30/31 - jul./dic. 1968</subfield>
    <subfield code="l">0</subfield>
    <subfield code="o">H330.34 DES 30/31</subfield>
    <subfield code="p">R02930</subfield>
    <subfield code="r">2026-04-10 16:06:20</subfield>
    <subfield code="w">2026-04-10</subfield>
    <subfield code="y">RN</subfield>
  </datafield>
  <datafield tag="952" ind1=" " ind2=" ">
    <subfield code="0">0</subfield>
    <subfield code="1">0</subfield>
    <subfield code="4">0</subfield>
    <subfield code="7">0</subfield>
    <subfield code="a">BCEJYS</subfield>
    <subfield code="b">BCEJYS</subfield>
    <subfield code="c">17</subfield>
    <subfield code="d">1968-07-01</subfield>
    <subfield code="h">Vol. 8, N&#xBA; 30/31 - jul./dic. 1968</subfield>
    <subfield code="l">0</subfield>
    <subfield code="o">H330.34 DES 30/31 Ej.2</subfield>
    <subfield code="p">R05796</subfield>
    <subfield code="r">2026-04-10 16:06:20</subfield>
    <subfield code="w">2026-04-10</subfield>
    <subfield code="y">RN</subfield>
  </datafield>
  <datafield tag="952" ind1=" " ind2=" ">
    <subfield code="0">0</subfield>
    <subfield code="1">0</subfield>
    <subfield code="4">0</subfield>
    <subfield code="7">0</subfield>
    <subfield code="a">BCEJYS</subfield>
    <subfield code="b">BCEJYS</subfield>
    <subfield code="c">17</subfield>
    <subfield code="d">1968-04-01</subfield>
    <subfield code="h">Vol. 8, N&#xBA; 29 - abr./jun. 1968</subfield>
    <subfield code="l">0</subfield>
    <subfield code="o">H330.34 DES 29</subfield>
    <subfield code="p">R02931</subfield>
    <subfield code="r">2026-04-10 16:06:20</subfield>
    <subfield code="w">2026-04-10</subfield>
    <subfield code="y">RN</subfield>
  </datafield>
  <datafield tag="952" ind1=" " ind2=" ">
    <subfield code="0">0</subfield>
    <subfield code="1">0</subfield>
    <subfield code="4">0</subfield>
    <subfield code="7">0</subfield>
    <subfield code="a">BCEJYS</subfield>
    <subfield code="b">BCEJYS</subfield>
    <subfield code="c">17</subfield>
    <subfield code="d">1968-04-01</subfield>
    <subfield code="h">Vol. 8, N&#xBA; 29 - abr./jun. 1968</subfield>
    <subfield code="l">0</subfield>
    <subfield code="o">H330.34 DES 29 Ej.2</subfield>
    <subfield code="p">R05795</subfield>
    <subfield code="r">2026-04-10 16:06:20</subfield>
    <subfield code="w">2026-04-10</subfield>
    <subfield code="y">RN</subfield>
  </datafield>
  <datafield tag="952" ind1=" " ind2=" ">
    <subfield code="0">0</subfield>
    <subfield code="1">0</subfield>
    <subfield code="4">0</subfield>
    <subfield code="7">0</subfield>
    <subfield code="a">BCEJYS</subfield>
    <subfield code="b">BCEJYS</subfield>
    <subfield code="c">17</subfield>
    <subfield code="d">1968-01-01</subfield>
    <subfield code="h">Vol. 7, N&#xBA; 28 - ene./mar. 1968</subfield>
    <subfield code="l">0</subfield>
    <subfield code="o">H330.34 DES 28</subfield>
    <subfield code="p">R02932</subfield>
    <subfield code="r">2026-04-10 16:06:20</subfield>
    <subfield code="w">2026-04-10</subfield>
    <subfield code="y">RN</subfield>
  </datafield>
  <datafield tag="952" ind1=" " ind2=" ">
    <subfield code="0">0</subfield>
    <subfield code="1">0</subfield>
    <subfield code="4">0</subfield>
    <subfield code="7">0</subfield>
    <subfield code="a">BCEJYS</subfield>
    <subfield code="b">BCEJYS</subfield>
    <subfield code="c">17</subfield>
    <subfield code="d">1968-01-01</subfield>
    <subfield code="h">Vol. 7, N&#xBA; 28 - ene./mar. 1968</subfield>
    <subfield code="l">0</subfield>
    <subfield code="o">H330.34 DES 28 Ej.2</subfield>
    <subfield code="p">R05794</subfield>
    <subfield code="r">2026-04-10 16:06:20</subfield>
    <subfield code="w">2026-04-10</subfield>
    <subfield code="y">RN</subfield>
  </datafield>
  <datafield tag="952" ind1=" " ind2=" ">
    <subfield code="0">0</subfield>
    <subfield code="1">0</subfield>
    <subfield code="4">0</subfield>
    <subfield code="7">0</subfield>
    <subfield code="a">BCEJYS</subfield>
    <subfield code="b">BCEJYS</subfield>
    <subfield code="c">17</subfield>
    <subfield code="d">1967-10-01</subfield>
    <subfield code="h">Vol. 7, N&#xBA; 27 - oct./dic. 1967</subfield>
    <subfield code="l">0</subfield>
    <subfield code="o">H330.34 DES 27</subfield>
    <subfield code="p">R02933</subfield>
    <subfield code="r">2026-04-10 16:06:20</subfield>
    <subfield code="w">2026-04-10</subfield>
    <subfield code="y">RN</subfield>
  </datafield>
  <datafield tag="952" ind1=" " ind2=" ">
    <subfield code="0">0</subfield>
    <subfield code="1">0</subfield>
    <subfield code="4">0</subfield>
    <subfield code="7">0</subfield>
    <subfield code="a">BCEJYS</subfield>
    <subfield code="b">BCEJYS</subfield>
    <subfield code="c">17</subfield>
    <subfield code="d">1967-10-01</subfield>
    <subfield code="h">Vol. 7, N&#xBA; 27 - oct./dic. 1967</subfield>
    <subfield code="l">0</subfield>
    <subfield code="o">H330.34 DES 27 Ej.2</subfield>
    <subfield code="p">R05793</subfield>
    <subfield code="r">2026-04-10 16:06:20</subfield>
    <subfield code="w">2026-04-10</subfield>
    <subfield code="y">RN</subfield>
  </datafield>
  <datafield tag="952" ind1=" " ind2=" ">
    <subfield code="0">0</subfield>
    <subfield code="1">0</subfield>
    <subfield code="4">0</subfield>
    <subfield code="7">0</subfield>
    <subfield code="a">BCEJYS</subfield>
    <subfield code="b">BCEJYS</subfield>
    <subfield code="c">17</subfield>
    <subfield code="d">1967-07-01</subfield>
    <subfield code="h">Vol. 7, N&#xBA; 26 - jul./sep. 1967</subfield>
    <subfield code="l">0</subfield>
    <subfield code="o">H330.34 DES 26</subfield>
    <subfield code="p">R02934</subfield>
    <subfield code="r">2026-04-10 16:06:20</subfield>
    <subfield code="w">2026-04-10</subfield>
    <subfield code="y">RN</subfield>
  </datafield>
  <datafield tag="952" ind1=" " ind2=" ">
    <subfield code="0">0</subfield>
    <subfield code="1">0</subfield>
    <subfield code="4">0</subfield>
    <subfield code="7">0</subfield>
    <subfield code="a">BCEJYS</subfield>
    <subfield code="b">BCEJYS</subfield>
    <subfield code="c">17</subfield>
    <subfield code="d">1967-07-01</subfield>
    <subfield code="h">Vol. 7, N&#xBA; 26 - jul./sep. 1967</subfield>
    <subfield code="l">0</subfield>
    <subfield code="o">H330.34 DES 26 Ej.2</subfield>
    <subfield code="p">R05792</subfield>
    <subfield code="r">2026-04-10 16:06:20</subfield>
    <subfield code="w">2026-04-10</subfield>
    <subfield code="y">RN</subfield>
  </datafield>
  <datafield tag="952" ind1=" " ind2=" ">
    <subfield code="0">0</subfield>
    <subfield code="1">0</subfield>
    <subfield code="4">0</subfield>
    <subfield code="7">0</subfield>
    <subfield code="a">BCEJYS</subfield>
    <subfield code="b">BCEJYS</subfield>
    <subfield code="c">17</subfield>
    <subfield code="d">1967-04-01</subfield>
    <subfield code="h">Vol. 7, N&#xBA; 25 - abr./jun. 1967</subfield>
    <subfield code="l">0</subfield>
    <subfield code="o">H330.34 DES 25</subfield>
    <subfield code="p">R02935</subfield>
    <subfield code="r">2026-04-10 16:06:20</subfield>
    <subfield code="w">2026-04-10</subfield>
    <subfield code="y">RN</subfield>
  </datafield>
  <datafield tag="952" ind1=" " ind2=" ">
    <subfield code="0">0</subfield>
    <subfield code="1">0</subfield>
    <subfield code="4">0</subfield>
    <subfield code="7">0</subfield>
    <subfield code="a">BCEJYS</subfield>
    <subfield code="b">BCEJYS</subfield>
    <subfield code="c">17</subfield>
    <subfield code="d">1967-04-01</subfield>
    <subfield code="h">Vol. 7, N&#xBA; 25 - abr./jun. 1967</subfield>
    <subfield code="l">0</subfield>
    <subfield code="o">H330.34 DES 25 Ej.2</subfield>
    <subfield code="p">R05791</subfield>
    <subfield code="r">2026-04-10 16:06:20</subfield>
    <subfield code="w">2026-04-10</subfield>
    <subfield code="y">RN</subfield>
  </datafield>
  <datafield tag="952" ind1=" " ind2=" ">
    <subfield code="0">0</subfield>
    <subfield code="1">0</subfield>
    <subfield code="4">0</subfield>
    <subfield code="7">0</subfield>
    <subfield code="a">BCEJYS</subfield>
    <subfield code="b">BCEJYS</subfield>
    <subfield code="c">17</subfield>
    <subfield code="d">1967-01-01</subfield>
    <subfield code="h">Vol. 6, N&#xBA; 24 - ene./mar. 1967</subfield>
    <subfield code="l">0</subfield>
    <subfield code="o">H330.34 DES 24</subfield>
    <subfield code="p">R02936</subfield>
    <subfield code="r">2026-04-10 16:06:20</subfield>
    <subfield code="w">2026-04-10</subfield>
    <subfield code="y">RN</subfield>
  </datafield>
  <datafield tag="952" ind1=" " ind2=" ">
    <subfield code="0">0</subfield>
    <subfield code="1">0</subfield>
    <subfield code="4">0</subfield>
    <subfield code="7">0</subfield>
    <subfield code="a">BCEJYS</subfield>
    <subfield code="b">BCEJYS</subfield>
    <subfield code="c">17</subfield>
    <subfield code="d">1967-01-01</subfield>
    <subfield code="h">Vol. 6, N&#xBA; 24 - ene./mar. 1967</subfield>
    <subfield code="l">0</subfield>
    <subfield code="o">H330.34 DES 24 Ej.2</subfield>
    <subfield code="p">R05790</subfield>
    <subfield code="r">2026-04-10 16:06:20</subfield>
    <subfield code="w">2026-04-10</subfield>
    <subfield code="y">RN</subfield>
  </datafield>
  <datafield tag="952" ind1=" " ind2=" ">
    <subfield code="0">0</subfield>
    <subfield code="1">0</subfield>
    <subfield code="4">0</subfield>
    <subfield code="7">0</subfield>
    <subfield code="a">BCEJYS</subfield>
    <subfield code="b">BCEJYS</subfield>
    <subfield code="c">17</subfield>
    <subfield code="d">1966-07-01</subfield>
    <subfield code="h">Vol. 6, N&#xBA; 22/23 - jul./dic. 1966</subfield>
    <subfield code="l">0</subfield>
    <subfield code="o">H330.34 DES 22/23</subfield>
    <subfield code="p">R02937</subfield>
    <subfield code="r">2026-04-10 16:06:20</subfield>
    <subfield code="w">2026-04-10</subfield>
    <subfield code="y">RN</subfield>
  </datafield>
  <datafield tag="952" ind1=" " ind2=" ">
    <subfield code="0">0</subfield>
    <subfield code="1">0</subfield>
    <subfield code="4">0</subfield>
    <subfield code="7">0</subfield>
    <subfield code="a">BCEJYS</subfield>
    <subfield code="b">BCEJYS</subfield>
    <subfield code="c">17</subfield>
    <subfield code="d">1966-07-01</subfield>
    <subfield code="h">Vol. 6, N&#xBA; 22/23 - jul./dic. 1966</subfield>
    <subfield code="l">0</subfield>
    <subfield code="o">H330.34 DES 22/23 Ej.2</subfield>
    <subfield code="p">R05789</subfield>
    <subfield code="r">2026-04-10 16:06:20</subfield>
    <subfield code="w">2026-04-10</subfield>
    <subfield code="y">RN</subfield>
  </datafield>
  <datafield tag="952" ind1=" " ind2=" ">
    <subfield code="0">0</subfield>
    <subfield code="1">0</subfield>
    <subfield code="4">0</subfield>
    <subfield code="7">0</subfield>
    <subfield code="a">BCEJYS</subfield>
    <subfield code="b">BCEJYS</subfield>
    <subfield code="c">17</subfield>
    <subfield code="d">1966-04-01</subfield>
    <subfield code="h">Vol. 6, N&#xBA; 21 - abr./jun. 1966</subfield>
    <subfield code="l">0</subfield>
    <subfield code="o">H330.34 DES 21</subfield>
    <subfield code="p">R02938</subfield>
    <subfield code="r">2026-04-10 16:06:20</subfield>
    <subfield code="w">2026-04-10</subfield>
    <subfield code="y">RN</subfield>
  </datafield>
  <datafield tag="952" ind1=" " ind2=" ">
    <subfield code="0">0</subfield>
    <subfield code="1">0</subfield>
    <subfield code="4">0</subfield>
    <subfield code="7">0</subfield>
    <subfield code="a">BCEJYS</subfield>
    <subfield code="b">BCEJYS</subfield>
    <subfield code="c">17</subfield>
    <subfield code="d">1966-04-01</subfield>
    <subfield code="h">Vol. 6, N&#xBA; 21 - abr./jun. 1966</subfield>
    <subfield code="l">0</subfield>
    <subfield code="o">H330.34 DES 21 Ej.2</subfield>
    <subfield code="p">R05788</subfield>
    <subfield code="r">2026-04-10 16:06:20</subfield>
    <subfield code="w">2026-04-10</subfield>
    <subfield code="y">RN</subfield>
  </datafield>
  <datafield tag="952" ind1=" " ind2=" ">
    <subfield code="0">0</subfield>
    <subfield code="1">0</subfield>
    <subfield code="4">0</subfield>
    <subfield code="7">0</subfield>
    <subfield code="a">BCEJYS</subfield>
    <subfield code="b">BCEJYS</subfield>
    <subfield code="c">17</subfield>
    <subfield code="d">1966-01-01</subfield>
    <subfield code="h">Vol. 5, N&#xBA; 20 - ene./mar. 1966</subfield>
    <subfield code="l">0</subfield>
    <subfield code="o">H330.34 DES 20</subfield>
    <subfield code="p">R02939</subfield>
    <subfield code="r">2026-04-10 16:06:20</subfield>
    <subfield code="w">2026-04-10</subfield>
    <subfield code="y">RN</subfield>
  </datafield>
  <datafield tag="952" ind1=" " ind2=" ">
    <subfield code="0">0</subfield>
    <subfield code="1">0</subfield>
    <subfield code="4">0</subfield>
    <subfield code="7">0</subfield>
    <subfield code="a">BCEJYS</subfield>
    <subfield code="b">BCEJYS</subfield>
    <subfield code="c">17</subfield>
    <subfield code="d">1966-01-01</subfield>
    <subfield code="h">Vol. 5, N&#xBA; 20 - ene./mar. 1966</subfield>
    <subfield code="l">0</subfield>
    <subfield code="o">H330.34 DES 20 Ej.2</subfield>
    <subfield code="p">R05787</subfield>
    <subfield code="r">2026-04-10 16:06:20</subfield>
    <subfield code="w">2026-04-10</subfield>
    <subfield code="y">RN</subfield>
  </datafield>
  <datafield tag="952" ind1=" " ind2=" ">
    <subfield code="0">0</subfield>
    <subfield code="1">0</subfield>
    <subfield code="4">0</subfield>
    <subfield code="7">0</subfield>
    <subfield code="a">BCEJYS</subfield>
    <subfield code="b">BCEJYS</subfield>
    <subfield code="c">17</subfield>
    <subfield code="d">1965-04-02</subfield>
    <subfield code="h">Vol. 5, N&#xBA; 17/19 T.2 - abr./dic. 1965</subfield>
    <subfield code="l">0</subfield>
    <subfield code="o">H330.34 DES 17/19 T.2</subfield>
    <subfield code="p">R02940</subfield>
    <subfield code="r">2026-04-10 16:06:20</subfield>
    <subfield code="w">2026-04-10</subfield>
    <subfield code="y">RN</subfield>
  </datafield>
  <datafield tag="952" ind1=" " ind2=" ">
    <subfield code="0">0</subfield>
    <subfield code="1">0</subfield>
    <subfield code="4">0</subfield>
    <subfield code="7">0</subfield>
    <subfield code="a">BCEJYS</subfield>
    <subfield code="b">BCEJYS</subfield>
    <subfield code="c">17</subfield>
    <subfield code="d">1965-04-02</subfield>
    <subfield code="h">Vol. 5, N&#xBA; 17/19 T.2 - abr./dic. 1965</subfield>
    <subfield code="l">0</subfield>
    <subfield code="o">H330.34 DES 17/19 T.2/Ej.2</subfield>
    <subfield code="p">R05786</subfield>
    <subfield code="r">2026-04-10 16:06:20</subfield>
    <subfield code="w">2026-04-10</subfield>
    <subfield code="y">RN</subfield>
  </datafield>
  <datafield tag="952" ind1=" " ind2=" ">
    <subfield code="0">0</subfield>
    <subfield code="1">0</subfield>
    <subfield code="4">0</subfield>
    <subfield code="7">0</subfield>
    <subfield code="a">BCEJYS</subfield>
    <subfield code="b">BCEJYS</subfield>
    <subfield code="c">17</subfield>
    <subfield code="d">1965-04-02</subfield>
    <subfield code="h">Vol. 5, N&#xBA; 17/19 T.1 - abr./dic. 1965</subfield>
    <subfield code="l">0</subfield>
    <subfield code="o">H330.34 DES 17/19 T.1</subfield>
    <subfield code="p">R02941</subfield>
    <subfield code="r">2026-04-10 16:06:20</subfield>
    <subfield code="w">2026-04-10</subfield>
    <subfield code="y">RN</subfield>
  </datafield>
  <datafield tag="952" ind1=" " ind2=" ">
    <subfield code="0">0</subfield>
    <subfield code="1">0</subfield>
    <subfield code="4">0</subfield>
    <subfield code="7">0</subfield>
    <subfield code="a">BCEJYS</subfield>
    <subfield code="b">BCEJYS</subfield>
    <subfield code="c">17</subfield>
    <subfield code="d">1965-04-02</subfield>
    <subfield code="h">Vol. 5, N&#xBA; 17/19 T.1 - abr./dic. 1965</subfield>
    <subfield code="l">0</subfield>
    <subfield code="o">H330.34 DES 17/19 T.1/Ej.2</subfield>
    <subfield code="p">R05785</subfield>
    <subfield code="r">2026-04-10 16:06:20</subfield>
    <subfield code="w">2026-04-10</subfield>
    <subfield code="y">RN</subfield>
  </datafield>
  <datafield tag="952" ind1=" " ind2=" ">
    <subfield code="0">0</subfield>
    <subfield code="1">0</subfield>
    <subfield code="4">0</subfield>
    <subfield code="7">0</subfield>
    <subfield code="a">BCEJYS</subfield>
    <subfield code="b">BCEJYS</subfield>
    <subfield code="c">17</subfield>
    <subfield code="d">1965-04-01</subfield>
    <subfield code="h">Vol. 4, N&#xBA; 16 - abr./jun. 1965</subfield>
    <subfield code="l">0</subfield>
    <subfield code="o">H330.34 DES 16</subfield>
    <subfield code="p">R02942</subfield>
    <subfield code="r">2026-04-10 16:06:20</subfield>
    <subfield code="w">2026-04-10</subfield>
    <subfield code="y">RN</subfield>
  </datafield>
  <datafield tag="952" ind1=" " ind2=" ">
    <subfield code="0">0</subfield>
    <subfield code="1">0</subfield>
    <subfield code="4">0</subfield>
    <subfield code="7">0</subfield>
    <subfield code="a">BCEJYS</subfield>
    <subfield code="b">BCEJYS</subfield>
    <subfield code="c">17</subfield>
    <subfield code="d">1965-04-01</subfield>
    <subfield code="h">Vol. 4, N&#xBA; 16 - abr./jun. 1965</subfield>
    <subfield code="l">0</subfield>
    <subfield code="o">H330.34 DES 16 Ej.2</subfield>
    <subfield code="p">R05784</subfield>
    <subfield code="r">2026-04-10 16:06:20</subfield>
    <subfield code="w">2026-04-10</subfield>
    <subfield code="y">RN</subfield>
  </datafield>
  <datafield tag="952" ind1=" " ind2=" ">
    <subfield code="0">0</subfield>
    <subfield code="1">0</subfield>
    <subfield code="4">0</subfield>
    <subfield code="7">0</subfield>
    <subfield code="a">BCEJYS</subfield>
    <subfield code="b">BCEJYS</subfield>
    <subfield code="c">17</subfield>
    <subfield code="d">1964-07-01</subfield>
    <subfield code="h">Vol. 4, N&#xBA; 14/15 - jul./dic. 1964</subfield>
    <subfield code="l">0</subfield>
    <subfield code="o">H330.34 DES 14/15</subfield>
    <subfield code="p">R02943</subfield>
    <subfield code="r">2026-04-10 16:06:20</subfield>
    <subfield code="w">2026-04-10</subfield>
    <subfield code="y">RN</subfield>
  </datafield>
  <datafield tag="952" ind1=" " ind2=" ">
    <subfield code="0">0</subfield>
    <subfield code="1">0</subfield>
    <subfield code="4">0</subfield>
    <subfield code="7">0</subfield>
    <subfield code="a">BCEJYS</subfield>
    <subfield code="b">BCEJYS</subfield>
    <subfield code="c">17</subfield>
    <subfield code="d">1964-07-01</subfield>
    <subfield code="h">Vol. 4, N&#xBA; 14/15 - jul./dic. 1964</subfield>
    <subfield code="l">0</subfield>
    <subfield code="o">H330.34 DES 14/15 Ej.2</subfield>
    <subfield code="p">R05783</subfield>
    <subfield code="r">2026-04-10 16:06:20</subfield>
    <subfield code="w">2026-04-10</subfield>
    <subfield code="y">RN</subfield>
  </datafield>
  <datafield tag="952" ind1=" " ind2=" ">
    <subfield code="0">0</subfield>
    <subfield code="1">0</subfield>
    <subfield code="4">0</subfield>
    <subfield code="7">0</subfield>
    <subfield code="a">BCEJYS</subfield>
    <subfield code="b">BCEJYS</subfield>
    <subfield code="c">17</subfield>
    <subfield code="d">1964-04-01</subfield>
    <subfield code="h">Vol. 4, N&#xBA; 13 - abr./jun. 1964</subfield>
    <subfield code="l">0</subfield>
    <subfield code="o">H330.34 DES 13</subfield>
    <subfield code="p">R02944</subfield>
    <subfield code="r">2026-04-10 16:06:20</subfield>
    <subfield code="w">2026-04-10</subfield>
    <subfield code="y">RN</subfield>
  </datafield>
  <datafield tag="952" ind1=" " ind2=" ">
    <subfield code="0">0</subfield>
    <subfield code="1">0</subfield>
    <subfield code="4">0</subfield>
    <subfield code="7">0</subfield>
    <subfield code="a">BCEJYS</subfield>
    <subfield code="b">BCEJYS</subfield>
    <subfield code="c">17</subfield>
    <subfield code="d">1964-04-01</subfield>
    <subfield code="h">Vol. 4, N&#xBA; 13 - abr./jun. 1964</subfield>
    <subfield code="l">0</subfield>
    <subfield code="o">H330.34 DES 13 Ej.2</subfield>
    <subfield code="p">R05781</subfield>
    <subfield code="r">2026-04-10 16:06:20</subfield>
    <subfield code="w">2026-04-10</subfield>
    <subfield code="y">RN</subfield>
  </datafield>
  <datafield tag="952" ind1=" " ind2=" ">
    <subfield code="0">0</subfield>
    <subfield code="1">0</subfield>
    <subfield code="4">0</subfield>
    <subfield code="7">0</subfield>
    <subfield code="a">BCEJYS</subfield>
    <subfield code="b">BCEJYS</subfield>
    <subfield code="c">17</subfield>
    <subfield code="d">1964-04-01</subfield>
    <subfield code="h">Vol. 4, N&#xBA; 13 - abr./jun. 1964</subfield>
    <subfield code="l">0</subfield>
    <subfield code="o">H330.34 DES 13 Ej.3</subfield>
    <subfield code="p">R05782</subfield>
    <subfield code="r">2026-04-10 16:06:20</subfield>
    <subfield code="w">2026-04-10</subfield>
    <subfield code="y">RN</subfield>
  </datafield>
  <datafield tag="952" ind1=" " ind2=" ">
    <subfield code="0">0</subfield>
    <subfield code="1">0</subfield>
    <subfield code="4">0</subfield>
    <subfield code="7">0</subfield>
    <subfield code="a">BCEJYS</subfield>
    <subfield code="b">BCEJYS</subfield>
    <subfield code="c">17</subfield>
    <subfield code="d">1964-01-01</subfield>
    <subfield code="h">Vol. 3, N&#xBA; 4 - ene./mar. 1964</subfield>
    <subfield code="l">0</subfield>
    <subfield code="o">H330.34 DES v3.n4</subfield>
    <subfield code="p">R02945</subfield>
    <subfield code="r">2026-04-10 16:06:20</subfield>
    <subfield code="w">2026-04-10</subfield>
    <subfield code="y">RN</subfield>
  </datafield>
  <datafield tag="952" ind1=" " ind2=" ">
    <subfield code="0">0</subfield>
    <subfield code="1">0</subfield>
    <subfield code="4">0</subfield>
    <subfield code="7">0</subfield>
    <subfield code="a">BCEJYS</subfield>
    <subfield code="b">BCEJYS</subfield>
    <subfield code="c">17</subfield>
    <subfield code="d">1964-01-01</subfield>
    <subfield code="h">Vol. 3, N&#xBA; 4 - ene./mar. 1964</subfield>
    <subfield code="l">0</subfield>
    <subfield code="o">H330.34 DES v3.n4 Ej.2</subfield>
    <subfield code="p">R05780</subfield>
    <subfield code="r">2026-04-10 16:06:20</subfield>
    <subfield code="w">2026-04-10</subfield>
    <subfield code="y">RN</subfield>
  </datafield>
  <datafield tag="952" ind1=" " ind2=" ">
    <subfield code="0">0</subfield>
    <subfield code="1">0</subfield>
    <subfield code="4">0</subfield>
    <subfield code="7">0</subfield>
    <subfield code="a">BCEJYS</subfield>
    <subfield code="b">BCEJYS</subfield>
    <subfield code="c">17</subfield>
    <subfield code="d">1963-10-01</subfield>
    <subfield code="h">Vol. 3, N&#xBA; 3 - oct./dic. 1963</subfield>
    <subfield code="l">0</subfield>
    <subfield code="o">H330.34 DES v3.n3</subfield>
    <subfield code="p">R02948</subfield>
    <subfield code="r">2026-04-10 16:06:20</subfield>
    <subfield code="w">2026-04-10</subfield>
    <subfield code="y">RN</subfield>
  </datafield>
  <datafield tag="952" ind1=" " ind2=" ">
    <subfield code="0">0</subfield>
    <subfield code="1">0</subfield>
    <subfield code="4">0</subfield>
    <subfield code="7">0</subfield>
    <subfield code="a">BCEJYS</subfield>
    <subfield code="b">BCEJYS</subfield>
    <subfield code="c">17</subfield>
    <subfield code="d">1963-10-01</subfield>
    <subfield code="h">Vol. 3, N&#xBA; 3 - oct./dic. 1963</subfield>
    <subfield code="l">0</subfield>
    <subfield code="o">H330.34 DES v3.n3 Ej.2</subfield>
    <subfield code="p">R05779</subfield>
    <subfield code="r">2026-04-10 16:06:20</subfield>
    <subfield code="w">2026-04-10</subfield>
    <subfield code="y">RN</subfield>
  </datafield>
  <datafield tag="952" ind1=" " ind2=" ">
    <subfield code="0">0</subfield>
    <subfield code="1">0</subfield>
    <subfield code="4">0</subfield>
    <subfield code="7">0</subfield>
    <subfield code="a">BCEJYS</subfield>
    <subfield code="b">BCEJYS</subfield>
    <subfield code="c">17</subfield>
    <subfield code="d">1963-04-01</subfield>
    <subfield code="h">Vol. 3, N&#xBA; 1/2 - abr./sep. 1963</subfield>
    <subfield code="l">0</subfield>
    <subfield code="o">H330.34 DES v3.n1/2</subfield>
    <subfield code="p">R02953</subfield>
    <subfield code="r">2026-04-10 16:06:20</subfield>
    <subfield code="w">2026-04-10</subfield>
    <subfield code="y">RN</subfield>
  </datafield>
  <datafield tag="952" ind1=" " ind2=" ">
    <subfield code="0">0</subfield>
    <subfield code="1">0</subfield>
    <subfield code="4">0</subfield>
    <subfield code="7">0</subfield>
    <subfield code="a">BCEJYS</subfield>
    <subfield code="b">BCEJYS</subfield>
    <subfield code="c">17</subfield>
    <subfield code="d">1963-04-01</subfield>
    <subfield code="h">Vol. 3, N&#xBA; 1/2 - abr./sep. 1963</subfield>
    <subfield code="l">0</subfield>
    <subfield code="o">H330.34 DES v3.n1/2 Ej.2</subfield>
    <subfield code="p">R05830</subfield>
    <subfield code="r">2026-04-10 16:06:20</subfield>
    <subfield code="w">2026-04-10</subfield>
    <subfield code="y">RN</subfield>
  </datafield>
  <datafield tag="952" ind1=" " ind2=" ">
    <subfield code="0">0</subfield>
    <subfield code="1">0</subfield>
    <subfield code="4">0</subfield>
    <subfield code="7">0</subfield>
    <subfield code="a">BCEJYS</subfield>
    <subfield code="b">BCEJYS</subfield>
    <subfield code="c">17</subfield>
    <subfield code="d">1963-01-01</subfield>
    <subfield code="h">Vol. 2, N&#xBA; 4 - ene./mar. 1963</subfield>
    <subfield code="l">0</subfield>
    <subfield code="o">H330.34 DES v2.n4</subfield>
    <subfield code="p">R02946</subfield>
    <subfield code="r">2026-04-10 16:06:20</subfield>
    <subfield code="w">2026-04-10</subfield>
    <subfield code="y">RN</subfield>
  </datafield>
  <datafield tag="952" ind1=" " ind2=" ">
    <subfield code="0">0</subfield>
    <subfield code="1">0</subfield>
    <subfield code="4">0</subfield>
    <subfield code="7">0</subfield>
    <subfield code="a">BCEJYS</subfield>
    <subfield code="b">BCEJYS</subfield>
    <subfield code="c">17</subfield>
    <subfield code="d">1962-10-01</subfield>
    <subfield code="h">Vol. 2, N&#xBA; 3 - oct./dic. 1962</subfield>
    <subfield code="l">0</subfield>
    <subfield code="o">H330.34 DES v2.n3</subfield>
    <subfield code="p">R02949</subfield>
    <subfield code="r">2026-04-10 16:06:20</subfield>
    <subfield code="w">2026-04-10</subfield>
    <subfield code="y">RN</subfield>
  </datafield>
  <datafield tag="952" ind1=" " ind2=" ">
    <subfield code="0">0</subfield>
    <subfield code="1">0</subfield>
    <subfield code="4">0</subfield>
    <subfield code="7">0</subfield>
    <subfield code="a">BCEJYS</subfield>
    <subfield code="b">BCEJYS</subfield>
    <subfield code="c">17</subfield>
    <subfield code="d">1962-07-01</subfield>
    <subfield code="h">Vol. 2, N&#xBA; 2 - jul./sep. 1962</subfield>
    <subfield code="l">0</subfield>
    <subfield code="o">H330.34 DES v2.n2</subfield>
    <subfield code="p">R02951</subfield>
    <subfield code="r">2026-04-10 16:06:20</subfield>
    <subfield code="w">2026-04-10</subfield>
    <subfield code="y">RN</subfield>
  </datafield>
  <datafield tag="952" ind1=" " ind2=" ">
    <subfield code="0">0</subfield>
    <subfield code="1">0</subfield>
    <subfield code="4">0</subfield>
    <subfield code="7">0</subfield>
    <subfield code="a">BCEJYS</subfield>
    <subfield code="b">BCEJYS</subfield>
    <subfield code="c">17</subfield>
    <subfield code="d">1962-07-01</subfield>
    <subfield code="h">Vol. 2, N&#xBA; 2 - jul./sep. 1962</subfield>
    <subfield code="l">0</subfield>
    <subfield code="o">H330.34 DES v2.n2 Ej.2</subfield>
    <subfield code="p">R05778</subfield>
    <subfield code="r">2026-04-10 16:06:20</subfield>
    <subfield code="w">2026-04-10</subfield>
    <subfield code="y">RN</subfield>
  </datafield>
  <datafield tag="952" ind1=" " ind2=" ">
    <subfield code="0">0</subfield>
    <subfield code="1">0</subfield>
    <subfield code="4">0</subfield>
    <subfield code="7">0</subfield>
    <subfield code="a">BCEJYS</subfield>
    <subfield code="b">BCEJYS</subfield>
    <subfield code="c">17</subfield>
    <subfield code="d">1962-04-01</subfield>
    <subfield code="h">Vol. 2, N&#xBA; 1 - abr./jun. 1962</subfield>
    <subfield code="l">0</subfield>
    <subfield code="o">H330.34 DES v2.n1</subfield>
    <subfield code="p">R02955</subfield>
    <subfield code="r">2026-04-10 16:06:20</subfield>
    <subfield code="w">2026-04-10</subfield>
    <subfield code="y">RN</subfield>
  </datafield>
  <datafield tag="952" ind1=" " ind2=" ">
    <subfield code="0">0</subfield>
    <subfield code="1">0</subfield>
    <subfield code="4">0</subfield>
    <subfield code="7">0</subfield>
    <subfield code="a">BCEJYS</subfield>
    <subfield code="b">BCEJYS</subfield>
    <subfield code="c">17</subfield>
    <subfield code="d">1962-04-01</subfield>
    <subfield code="h">Vol. 2, N&#xBA; 1 - abr./jun. 1962</subfield>
    <subfield code="l">0</subfield>
    <subfield code="o">H330.34 DES v2.n1 Ej.2</subfield>
    <subfield code="p">R05777</subfield>
    <subfield code="r">2026-04-10 16:06:20</subfield>
    <subfield code="w">2026-04-10</subfield>
    <subfield code="y">RN</subfield>
  </datafield>
  <datafield tag="952" ind1=" " ind2=" ">
    <subfield code="0">0</subfield>
    <subfield code="1">0</subfield>
    <subfield code="4">0</subfield>
    <subfield code="7">0</subfield>
    <subfield code="a">BCEJYS</subfield>
    <subfield code="b">BCEJYS</subfield>
    <subfield code="c">17</subfield>
    <subfield code="d">1962-01-01</subfield>
    <subfield code="h">Vol. 1, N&#xBA; 4 - ene./mar. 1962</subfield>
    <subfield code="l">0</subfield>
    <subfield code="o">H330.34 DES v1.n4</subfield>
    <subfield code="p">R02947</subfield>
    <subfield code="r">2026-04-10 16:06:20</subfield>
    <subfield code="w">2026-04-10</subfield>
    <subfield code="y">RN</subfield>
  </datafield>
  <datafield tag="952" ind1=" " ind2=" ">
    <subfield code="0">0</subfield>
    <subfield code="1">0</subfield>
    <subfield code="4">0</subfield>
    <subfield code="7">0</subfield>
    <subfield code="a">BCEJYS</subfield>
    <subfield code="b">BCEJYS</subfield>
    <subfield code="c">17</subfield>
    <subfield code="d">1962-01-01</subfield>
    <subfield code="h">Vol. 1, N&#xBA; 4 - ene./mar. 1962</subfield>
    <subfield code="l">0</subfield>
    <subfield code="o">H330.34 DES v1.n4 Ej.2</subfield>
    <subfield code="p">R05776</subfield>
    <subfield code="r">2026-04-10 16:06:20</subfield>
    <subfield code="w">2026-04-10</subfield>
    <subfield code="y">RN</subfield>
  </datafield>
  <datafield tag="952" ind1=" " ind2=" ">
    <subfield code="0">0</subfield>
    <subfield code="1">0</subfield>
    <subfield code="4">0</subfield>
    <subfield code="7">0</subfield>
    <subfield code="a">BCEJYS</subfield>
    <subfield code="b">BCEJYS</subfield>
    <subfield code="c">17</subfield>
    <subfield code="d">1961-10-01</subfield>
    <subfield code="h">Vol. 1, N&#xBA; 3 - oct./dic. 1961</subfield>
    <subfield code="l">0</subfield>
    <subfield code="o">H330.34 DES v1.n3</subfield>
    <subfield code="p">R02950</subfield>
    <subfield code="r">2026-04-10 16:06:20</subfield>
    <subfield code="w">2026-04-10</subfield>
    <subfield code="y">RN</subfield>
  </datafield>
  <datafield tag="952" ind1=" " ind2=" ">
    <subfield code="0">0</subfield>
    <subfield code="1">0</subfield>
    <subfield code="4">0</subfield>
    <subfield code="7">0</subfield>
    <subfield code="a">BCEJYS</subfield>
    <subfield code="b">BCEJYS</subfield>
    <subfield code="c">17</subfield>
    <subfield code="d">1961-10-01</subfield>
    <subfield code="h">Vol. 1, N&#xBA; 3 - oct./dic. 1961</subfield>
    <subfield code="l">0</subfield>
    <subfield code="o">H330.34 DES v1.n3 Ej.2</subfield>
    <subfield code="p">R05774</subfield>
    <subfield code="r">2026-04-10 16:06:20</subfield>
    <subfield code="w">2026-04-10</subfield>
    <subfield code="y">RN</subfield>
  </datafield>
  <datafield tag="952" ind1=" " ind2=" ">
    <subfield code="0">0</subfield>
    <subfield code="1">0</subfield>
    <subfield code="4">0</subfield>
    <subfield code="7">0</subfield>
    <subfield code="a">BCEJYS</subfield>
    <subfield code="b">BCEJYS</subfield>
    <subfield code="c">17</subfield>
    <subfield code="d">1961-10-01</subfield>
    <subfield code="h">Vol. 1, N&#xBA; 3 - oct./dic. 1961</subfield>
    <subfield code="l">0</subfield>
    <subfield code="o">H330.34 DES v1.n3 Ej.3</subfield>
    <subfield code="p">R05775</subfield>
    <subfield code="r">2026-04-10 16:06:20</subfield>
    <subfield code="w">2026-04-10</subfield>
    <subfield code="y">RN</subfield>
  </datafield>
  <datafield tag="952" ind1=" " ind2=" ">
    <subfield code="0">0</subfield>
    <subfield code="1">0</subfield>
    <subfield code="4">0</subfield>
    <subfield code="7">0</subfield>
    <subfield code="a">BCEJYS</subfield>
    <subfield code="b">BCEJYS</subfield>
    <subfield code="c">17</subfield>
    <subfield code="d">1961-07-01</subfield>
    <subfield code="h">Vol. 1, N&#xBA; 2 - jul./sep. 1961</subfield>
    <subfield code="l">0</subfield>
    <subfield code="o">H330.34 DES v1.n2</subfield>
    <subfield code="p">R02952</subfield>
    <subfield code="r">2026-04-10 16:06:20</subfield>
    <subfield code="w">2026-04-10</subfield>
    <subfield code="y">RN</subfield>
  </datafield>
  <datafield tag="952" ind1=" " ind2=" ">
    <subfield code="0">0</subfield>
    <subfield code="1">0</subfield>
    <subfield code="4">0</subfield>
    <subfield code="7">0</subfield>
    <subfield code="a">BCEJYS</subfield>
    <subfield code="b">BCEJYS</subfield>
    <subfield code="c">17</subfield>
    <subfield code="d">1961-07-01</subfield>
    <subfield code="h">Vol. 1, N&#xBA; 2 - jul./sep. 1961</subfield>
    <subfield code="l">0</subfield>
    <subfield code="o">H330.34 DES v1.n2 Ej.2</subfield>
    <subfield code="p">R05773</subfield>
    <subfield code="r">2026-04-10 16:06:20</subfield>
    <subfield code="w">2026-04-10</subfield>
    <subfield code="y">RN</subfield>
  </datafield>
  <datafield tag="952" ind1=" " ind2=" ">
    <subfield code="0">0</subfield>
    <subfield code="1">0</subfield>
    <subfield code="4">0</subfield>
    <subfield code="7">0</subfield>
    <subfield code="a">BCEJYS</subfield>
    <subfield code="b">BCEJYS</subfield>
    <subfield code="c">17</subfield>
    <subfield code="d">1961-04-01</subfield>
    <subfield code="h">Vol. 1, N&#xBA; 1 - abr./jun. 1961</subfield>
    <subfield code="l">0</subfield>
    <subfield code="o">H330.34 DES v1.n1</subfield>
    <subfield code="p">R02954</subfield>
    <subfield code="r">2026-04-10 16:06:20</subfield>
    <subfield code="w">2026-04-10</subfield>
    <subfield code="y">RN</subfield>
  </datafield>
  <datafield tag="952" ind1=" " ind2=" ">
    <subfield code="0">0</subfield>
    <subfield code="1">0</subfield>
    <subfield code="4">0</subfield>
    <subfield code="7">0</subfield>
    <subfield code="a">BCEJYS</subfield>
    <subfield code="b">BCEJYS</subfield>
    <subfield code="c">17</subfield>
    <subfield code="d">1961-04-01</subfield>
    <subfield code="h">Vol. 1, N&#xBA; 1 - abr./jun. 1961</subfield>
    <subfield code="l">0</subfield>
    <subfield code="o">H330.34 DES v1.n1 Ej.2</subfield>
    <subfield code="p">R05771</subfield>
    <subfield code="r">2026-04-10 16:06:20</subfield>
    <subfield code="w">2026-04-10</subfield>
    <subfield code="y">RN</subfield>
  </datafield>
  <datafield tag="952" ind1=" " ind2=" ">
    <subfield code="0">0</subfield>
    <subfield code="1">0</subfield>
    <subfield code="4">0</subfield>
    <subfield code="7">0</subfield>
    <subfield code="a">BCEJYS</subfield>
    <subfield code="b">BCEJYS</subfield>
    <subfield code="c">17</subfield>
    <subfield code="d">1961-04-01</subfield>
    <subfield code="h">Vol. 1, N&#xBA; 1 - abr./jun. 1961</subfield>
    <subfield code="l">0</subfield>
    <subfield code="o">H330.34 DES v1.n1 Ej.3</subfield>
    <subfield code="p">R05772</subfield>
    <subfield code="r">2026-04-10 16:06:20</subfield>
    <subfield code="w">2026-04-10</subfield>
    <subfield code="y">RN</subfield>
  </datafield>
</record>
